{"text_format":"3","workbook":"xlsx","n_sheets":1,"sheets":["SALMI"],"not_rendered":{"images":2},"read":"whole","date_system":"1900"}

{"sheet":"SALMI","index":0,"n_rows":665,"n_cols":25,"rows_kept":665,"merged":[[0,0,0,22],[2,18,2,22],[4,1,4,2],[4,8,4,16],[4,20,4,22],[5,1,5,2],[5,8,5,16],[5,20,5,22],[6,1,6,2],[6,8,6,16],[6,20,6,22],[8,0,9,0],[8,1,9,1],[8,2,9,2],[8,12,8,14],[8,18,9,18],[8,19,9,19],[8,20,9,20],[8,21,9,21],[8,22,9,22],[660,1,662,14],[660,18,664,22],[664,6,664,14]]}
["INFORME MENSUAL ALMACÉN (IMA)"]
[]
[{"$nulls":16},"Clasificación:"]
[]
["Est. de Salud:","HOSP HOSP INFANTIL DR. JOSE MANUEL RODRIGUEZ JIME",{"$nulls":4},"Región de Salud:",null,"Servicio Regional de Salud Metropolitano",{"$nulls":10},"Distribución Promedio:",12]
["Elaborado por:","ANYER PEREZ RODRIGUEZ",{"$nulls":4},"Módulo:",null,"ALMACEN CENTRAL",{"$nulls":10},"Nivel Máximo:",2]
["Mes Reportado:","diciembre",{"$nulls":4},"Gestión:",null,2025,{"$nulls":10},"Nivel Mínimo:",1]
[]
["Código","Suministro","UDE",null,"A",null,"B",null,"C",null,"C",null,"D",{"$nulls":3},"A+B-C+/-D",null,"Distribución\nPromedio","Distribución\nInsatisfecha","MED","MUD","Cantidad\nRequerida"]
[{"$nulls":4},"Saldo Inicio",null,"Entradas",null,"Consumo",null,"Distribución",null,"Ajuste (+)",null,"Ajuste (-)",null,"Saldo Final"]
["10600402001","Abacavir + lamivudina, 600 + 300 mg, Comprimido oral, Frasco x 30 tabletas","Comprimido",0,0,0,0,0,0,0,0,0,0,0,0,0,0,0,76,0,"0.0","0.0",152,0,54]
["11800301001","Acetato de medroxiprogesterona , 150 mg/ml, Inyectable, Vial x 1ml","Vial",0,0,0,0,0,0,0,0,0,0,0,0,0,0,0,27,0,"0.0","0.0",54,0,98]
["11800101002","Acetato de megestrol, 40 mg, Suspensión oral, Frasco","Frasco",0,0,0,3,0,0,0,3,0,0,0,0,0,0,0,4,0,"0.0","0.0",8,0,1135]
["12500201002","Acetilcisteina, 100 mg /ml, Inyectable, Ampolla x 3 ml","Ampolla",15.09,100,{"v":1509,"d":"1,509"},50,{"v":754.5,"d":"755"},0,0,0,0,0,0,100,{"v":1509,"d":"1,509"},50,{"v":754.5,"d":"755"},77,150,"0.6","0.6",104,1569.36,383]
["12500201010","Acetilcisteina, 300 mg/ml, Inyectable, Ampolla x 3 ml","Ampolla",0,0,0,0,0,0,0,0,0,0,0,0,0,0,0,98,100,"0.0","0.0",196,0,127]
["10600403005","Aciclovir como sal sodica, 250 mg, Polvo para inyección, Vial","Vial",108.41,270,{"v":29270.7,"d":"29,271"},0,0,0,0,200,{"v":21682,"d":"21,682"},0,0,0,0,70,{"v":7588.7,"d":"7,589"},56,0,"1.3","1.3",42,4553.22,1239]
["10600403004","Aciclovir, 400 mg, Comprimido oral, Blister","Comprimido",1.71,100,171,100,171,0,0,0,0,0,0,0,0,200,342,100,0,"2.0","2.0",0,0,1346]
["11200501001","Acido acetilsalicilico, 81 mg, Comprimido oral, Blister","Comprimido",0.82,399,{"v":327.18,"d":"327"},0,0,0,0,0,0,0,0,99,{"v":81.18,"d":"81"},300,246,100,0,"3.0","3.0",0,0,76]
["12700001002","Acido ascorbico (vit. C), 100 mg/ml, Inyectable, Ampolla x 5 ml","Ampolla",5.95,300,{"v":1785,"d":"1,785"},100,595,0,0,0,0,0,0,0,0,400,{"v":2380,"d":"2,380"},100,0,"4.0","4.0",0,0,139]
["12700001003","Acido ascorbico (vit. C), 500mg, Comprimido oral, Blister","Comprimido",1.14,100,114,0,0,0,0,0,0,0,0,100,114,0,0,100,0,"0.0","0.0",200,228,140]
["11000101001","Acido folico, 5 mg, Comprimido oral, Blister","Comprimido",0.14,0,0,0,0,0,0,0,0,0,0,0,0,0,0,140,0,"0.0","0.0",280,39.2,64]
["11000101003","Acido folico, 5 mg/mL, Jarabe, Frasco x 120 ml","Frasco",20.68,10,{"v":206.8,"d":"207"},0,0,0,0,0,0,0,0,0,0,10,{"v":206.8,"d":"207"},0,0,"00","00",0,0,1257]
["11000204004","Acido tranxenamico, 500 mg, Inyectable, Vial","Vial",783.13,0,0,0,0,0,0,0,0,0,0,0,0,0,0,39,0,"0.0","0.0",78,61084.14,1186]
["10500001002","Acido valproico (valproato sodico), 500 mg, Comprimido oral, Blister","Comprimido",4.52,{"v":2370,"d":"2,370"},{"v":10712.4,"d":"10,712"},{"v":2460,"d":"2,460"},{"v":11119.2,"d":"11,119"},0,0,{"v":3130,"d":"3,130"},{"v":14147.6,"d":"14,148"},0,0,0,0,{"v":1700,"d":"1,700"},{"v":7684,"d":"7,684"},620,0,"2.7","2.7",0,0,27]
["12600302002","Agua destilada, , Solución, Galón","Galón",350,96,{"v":33600,"d":"33,600"},0,0,0,0,0,0,0,0,96,{"v":33600,"d":"33,600"},0,0,0,0,"0","0",0,0,136]
["11500101001","Agua oxigenada, 0.03, Solución, Galón","Galón",204.43,12,{"v":2453.16,"d":"2,453"},2,{"v":408.86,"d":"409"},0,0,4,{"v":817.72,"d":"818"},0,0,0,0,10,{"v":2044.3,"d":"2,044"},2,0,"5.0","5.0",0,0,82]
["12600303001","Agua para inyectable, , Inyectable, Ampolla x 10 ml","Ampolla",2.41,{"v":5250,"d":"5,250"},{"v":12652.5,"d":"12,653"},{"v":1200,"d":"1,200"},{"v":2892,"d":"2,892"},0,0,{"v":2050,"d":"2,050"},{"v":4940.5,"d":"4,941"},0,0,0,0,{"v":4400,"d":"4,400"},{"v":10604,"d":"10,604"},{"v":1034,"d":"1,034"},0,"4.3","4.3",0,0,137]
["12600303003","Agua para inyectable, , Inyectable, Ampolla x 5 ml","Ampolla",8.8,{"v":1500,"d":"1,500"},{"v":13200,"d":"13,200"},0,0,0,0,0,0,0,0,250,{"v":2200,"d":"2,200"},{"v":1250,"d":"1,250"},{"v":11000,"d":"11,000"},200,0,"6.3","6.3",0,0,138]
["10600101002","Albendazol (dosis unica), 400 mg/10 ml, Suspensión oral, Frasco x 10 ml","Frasco",3.61,28,{"v":101.08,"d":"101"},0,0,0,0,0,0,0,0,28,{"v":101.08,"d":"101"},0,0,0,0,"0","0",0,0,1138]
["11100101001","Albumina humana, 0.2, Inyectable, Vial 50 ml","Vial",1842.22,20,{"v":36844.4,"d":"36,844"},0,0,0,0,22,{"v":40528.84,"d":"40,529"},5,{"v":9211.1,"d":"9,211"},0,0,3,{"v":5526.66,"d":"5,527"},28,0,"0.1","0.1",53,97637.66,68]
["12500104008","Albuterol sulfato, 0.63 mg/ml, Solución para inhalación, Frasco x 3 ml","Frasco",0,0,0,0,0,0,0,0,0,0,0,0,0,0,0,100,0,"0.0","0.0",200,0,451]
["11500102002","Alcohol etilico, 0.95, Solución, Galón","Galón",2972,6,{"v":17832,"d":"17,832"},0,0,0,0,0,0,0,0,0,0,6,{"v":17832,"d":"17,832"},2,0,"3.0","3.0",0,0,597]
["11500107002","Alcohol isopropilico, 0.7, Solución, Frasco x 1 l","Frasco",82.99,58,{"v":4813.42,"d":"4,813"},60,{"v":4979.4,"d":"4,979"},1,{"v":82.99,"d":"83"},73,{"v":6058.27,"d":"6,058"},0,0,0,0,44,{"v":3651.56,"d":"3,652"},31,0,"1.4","1.4",18,1493.82,441]
["11500107001","Alcohol isopropilico, 0.7, Solución, Galón","Galón",473.84,6,{"v":2843.04,"d":"2,843"},0,0,0,0,0,0,0,0,0,0,6,{"v":2843.04,"d":"2,843"},11,4,"0.5","0.5",16,7581.44,442]
["12700002001","Alendronato sodico, 70 mg, Comprimido oral, Blister","Comprimido",0.77,100,77,0,0,0,0,0,0,0,0,0,0,100,77,0,0,"00","00",0,0,1189]
["10600201001","Amikacina, 500 mg, Polvo para inyección, Vial","Vial",20.91,650,{"v":13591.5,"d":"13,592"},50,{"v":1045.5,"d":"1,046"},0,0,0,0,0,0,0,0,700,{"v":14637,"d":"14,637"},50,0,"14.0","14.0",0,0,33]
["12500101001","Aminofilina, 25 mg/ml, Inyectable, Ampolla x 10 ml","Ampolla",19.11,265,{"v":5064.15,"d":"5,064"},100,{"v":1911,"d":"1,911"},0,0,0,0,0,0,0,0,365,{"v":6975.15,"d":"6,975"},72,0,"5.1","5.1",0,0,119]
["11200201001","Amiodarona, 200 mg, Comprimido oral, Blister","Comprimido",510.82,50,{"v":25541,"d":"25,541"},0,0,0,0,0,0,0,0,0,0,50,{"v":25541,"d":"25,541"},100,0,"0.5","0.5",150,76623,72]
["12400201001","Amitriptilina, 25 mg, Comprimido oral, Blister","Comprimido",0,500,0,0,0,0,0,0,0,0,0,0,0,500,0,100,0,"5.0","1.0",0,0,1065]
["11200301001","Amlodipina, 10 mg, Comprimido oral, Blister","Comprimido",0.5,100,50,0,0,0,0,0,0,0,0,0,0,100,50,0,0,"00","00",0,0,74]
["10600203003","Amoxicilina + ac. Clavulanico, 500 mg + 125 mg, Comprimido oral, Blister","Comprimido",4.65,100,465,0,0,0,0,0,0,0,0,0,0,100,465,200,0,"0.5","0.0",300,1395,1021]
["10600202002","Amoxicilina, 250 mg/5ml, Polvo para suspensión oral, Frasco x 120 ml","Frasco",28.6,0,0,0,0,0,0,0,0,0,0,0,0,0,0,20,0,"0.0","0.0",40,1144,343]
["10600204001","Ampicilina (anhidra), 1 g, Polvo para inyección, Vial","Vial",9.35,50,{"v":467.5,"d":"468"},0,0,0,0,0,0,0,0,0,0,50,{"v":467.5,"d":"468"},60,0,"0.8","0.8",70,654.5,34]
["11200202003","Atenolol, 50 mg, Comprimido oral, Blister","Comprimido",0.21,100,21,0,0,0,0,0,0,0,0,0,0,100,21,100,0,"1.0","1.0",100,21,73]
["12000001002","Atracurio besilato, 10 mg/ml, Inyectable, Ampolla x 2.5 ml","Ampolla",35.65,0,0,100,{"v":3565,"d":"3,565"},0,0,0,0,0,0,0,0,100,{"v":3565,"d":"3,565"},107,0,"0.9","0.9",114,4064.1,376]
["10100301001","Atropina sulfato, 1 mg/ ml, Inyectable, Ampolla x 1 ml","Ampolla",10.34,249,{"v":2574.66,"d":"2,575"},100,{"v":1034,"d":"1,034"},0,0,100,{"v":1034,"d":"1,034"},0,0,0,0,249,{"v":2574.66,"d":"2,575"},100,0,"2.5","2.5",0,0,6]
["10600205002","Azitromicina anhidra, 500 mg, Cápsula oral, Blister","Cápsula",7.81,900,{"v":7029,"d":"7,029"},0,0,0,0,100,781,0,0,0,0,800,{"v":6248,"d":"6,248"},450,0,"1.8","1.8",100,781,36]
["10600205001","Azitromicina, 200 mg/5ml, Polvo para suspensión oral, Frasco x 30 ml","Frasco",31.54,235,{"v":7411.9,"d":"7,412"},0,0,0,0,0,0,0,0,0,0,235,{"v":7411.9,"d":"7,412"},9,0,"26.1","15.8",0,0,35]
["12600201004","Bicarbonato sodico   , 0.1, Inyectable, Ampolla x 10 ml","Ampolla",24.08,38,{"v":915.04,"d":"915"},0,0,0,0,0,0,0,0,0,0,38,{"v":915.04,"d":"915"},50,0,"0.8","0.8",62,1492.96,481]
["12600201005","Bicarbonato sodico   , 100 mg/ml, Inyectable, Ampolla x 10 ml","Ampolla",0,250,0,0,0,0,0,50,0,0,0,0,0,200,0,50,0,"4.0","4.0",0,0,482]
["11200101001","Bisoprolol, 2.5 mg, Comprimido oral, Blister","Comprimido",0,0,0,0,0,0,0,0,0,0,0,0,0,0,0,100,0,"0.0","0.0",200,0,1162]
["11200101002","Bisoprolol, 5 mg, Comprimido oral, Blister","Comprimido",1.98,0,0,0,0,0,0,0,0,0,0,0,0,0,0,100,0,"0.0","0.0",200,396,358]
["12500103002","Bromuro de ipratropio, 0.9 mg/ 3 ml, Solución para inhalación, Frasco","Frasco",19.16,{"v":2700,"d":"2,700"},{"v":51732,"d":"51,732"},{"v":1200,"d":"1,200"},{"v":22992,"d":"22,992"},0,0,0,0,0,0,0,0,{"v":3900,"d":"3,900"},{"v":74724,"d":"74,724"},429,0,"9.1","9.1",0,0,120]
["12500103003","Bromuro de ipratropio, 20 mcg, Solución para inhalación, Frasco x 20 ml","Frasco",477.79,0,0,0,0,0,0,0,0,0,0,0,0,0,0,11,0,"0.0","0.0",22,10511.38,486]
["12800002001","Budesonida, 100 mcg , Spray nasal, Frasco","Frasco",533.5,5,{"v":2667.5,"d":"2,668"},0,0,0,0,0,0,0,0,0,0,5,{"v":2667.5,"d":"2,668"},4,0,"1.3","1.3",3,1600.5,485]
["10100203001","Bupivacaina clorhidrato + glucosa, 0.5% +8.5%, Inyectable, Vial x 4 ml","Vial",22.99,300,{"v":6897,"d":"6,897"},0,0,0,0,0,0,0,0,0,0,300,{"v":6897,"d":"6,897"},20,20,"15.0","0.0",0,0,3]
["10100202003","Bupivacaina clorhidrato, 0.005, Inyectable, Ampolla x 20 ml","Ampolla",186.64,100,{"v":18664,"d":"18,664"},50,{"v":9332,"d":"9,332"},0,0,0,0,0,0,0,0,150,{"v":27996,"d":"27,996"},27,0,"5.6","5.6",0,0,2]
["11200106006","Candesartan, 16 mg, Comprimido oral, Blister","Comprimido",2.35,500,{"v":1175,"d":"1,175"},0,0,0,0,0,0,0,0,0,0,500,{"v":1175,"d":"1,175"},100,0,"5.0","5.0",0,0,1163]
["11200106007","Candesartan, 32 mg, Comprimido oral, Blister","Comprimido",5.04,100,504,0,0,0,0,0,0,0,0,0,0,100,504,100,0,"1.0","1.0",100,504,1160]
["11200303001","Captoprilo, 25 mg, Comprimido oral sublingual, Blister","Comprimido",63.14,200,{"v":12628,"d":"12,628"},0,0,0,0,0,0,0,0,0,0,200,{"v":12628,"d":"12,628"},0,0,"00","00",0,0,1169]
["10500002002","Carbamazepina, 200 mg, Comprimido oral, Blister","Comprimido",1.44,{"v":2700,"d":"2,700"},{"v":3888,"d":"3,888"},0,0,0,0,200,288,0,0,0,0,{"v":2500,"d":"2,500"},{"v":3600,"d":"3,600"},{"v":1000,"d":"1,000"},800,"2.5","2.5",0,0,29]
["10400101001","Carbon activado, , Polvo, Frasco x 50 g","Frasco",3485,10,{"v":34850,"d":"34,850"},2,{"v":6970,"d":"6,970"},0,0,8,{"v":27880,"d":"27,880"},0,0,0,0,4,{"v":13940,"d":"13,940"},5,0,"0.8","0.8",6,20910,1259]
["12400202001","Carbonato de litio, 300 mg, Comprimido oral, Blister","Comprimido",5.96,300,{"v":1788,"d":"1,788"},{"v":1100,"d":"1,100"},{"v":6556,"d":"6,556"},0,0,0,0,0,0,0,0,{"v":1400,"d":"1,400"},{"v":8344,"d":"8,344"},150,0,"9.3","9.3",0,0,118]
["11200102001","Carvedilol, 12.5 mg, Comprimido oral, Blister","Comprimido",0.9,0,0,0,0,0,0,0,0,0,0,0,0,0,0,100,0,"0.0","0.0",200,180,1079]
["11200102003","Carvedilol, 6.25 mg, Comprimido oral, Blister","Comprimido",0.66,0,0,0,0,0,0,0,0,0,0,0,0,0,0,100,0,"0.0","0.0",200,132,1260]
["10600207002","Cefalexina anhidra, 250 mg/5ml, Polvo para suspensión oral, Frasco x 120 ml","Frasco",62.7,18,{"v":1128.6,"d":"1,129"},0,0,0,0,0,0,0,0,0,0,18,{"v":1128.6,"d":"1,129"},10,0,"1.8","1.8",2,125.4,1201]
["10600207003","Cefalexina monohidrato, 500 mg, Cápsula oral, Blister","Cápsula",2.39,0,0,0,0,0,0,0,0,0,0,0,0,0,0,133,0,"0.0","0.0",266,635.74,1261]
["10600208004","Cefazolina, 1 g, Polvo para inyección, Vial","Vial",25.41,500,{"v":12705,"d":"12,705"},100,{"v":2541,"d":"2,541"},0,0,0,0,0,0,0,0,600,{"v":15246,"d":"15,246"},50,0,"12.0","12.0",0,0,1097]
["10600209001","Cefepima, 1 g, Polvo para inyección, Vial","Vial",53.45,0,0,0,0,0,0,0,0,0,0,0,0,0,0,39,0,"0.0","0.0",78,4169.1,37]
["10600210001","Cefotaxima sodica, 1 g, Polvo para inyección, Vial","Vial",18.19,850,{"v":15461.5,"d":"15,462"},100,{"v":1819,"d":"1,819"},0,0,0,0,0,0,0,0,950,{"v":17280.5,"d":"17,281"},63,0,"15.1","15.1",0,0,38]
["10600212001","Ceftriaxona como sal sodica, 1 g, Polvo para inyección, Vial","Vial",20.72,{"v":1150,"d":"1,150"},{"v":23828,"d":"23,828"},300,{"v":6216,"d":"6,216"},0,0,310,{"v":6423.2,"d":"6,423"},0,0,0,0,{"v":1140,"d":"1,140"},{"v":23620.8,"d":"23,621"},276,0,"4.1","4.1",0,0,39]
["10300101001","Cetirizina, 10 mg, Comprimido oral, Blister","Comprimido",0.55,0,0,0,0,0,0,0,0,0,0,0,0,0,0,100,0,"0.0","0.0",200,110,1165]
["10300101002","Cetirizina, 5  mg/5ml, Jarabe, Frasco x 60 ml","Frasco",22,8,176,0,0,0,0,0,0,0,0,0,0,8,176,2,0,"4.0","4.0",0,0,1167]
["10600214001","Ciprofloxacina, 2 mg/ml, Inyectable, Vial x 100 ml","Vial",24.87,64,{"v":1591.68,"d":"1,592"},0,0,0,0,0,0,0,0,0,0,64,{"v":1591.68,"d":"1,592"},15,0,"4.3","4.3",0,0,40]
["12400104008","Citicolina, 500 mg, Tableta, Blister","Tableta",12.79,300,{"v":3837,"d":"3,837"},0,0,0,0,100,{"v":1279,"d":"1,279"},0,0,0,0,200,{"v":2558,"d":"2,558"},100,0,"2.0","2.0",0,0,111]
["10600215001","Claritromicina, 250 mg/5ml, Suspensión oral, Frasco x 60 ml","Frasco",195.36,30,{"v":5860.8,"d":"5,861"},0,0,0,0,25,{"v":4884,"d":"4,884"},0,0,0,0,5,{"v":976.8,"d":"977"},25,0,"0.2","0.2",45,8791.2,1080]
["10600216003","Clindamicina, 150 mg/ml, Inyectable, Ampolla x 4 ml","Ampolla",260.97,500,{"v":130485,"d":"130,485"},300,{"v":78291,"d":"78,291"},0,0,100,{"v":26097,"d":"26,097"},0,0,0,0,700,{"v":182679,"d":"182,679"},130,0,"5.4","5.4",0,0,344]
["11200502001","Clopidogrel bisulfato, 75 mg, Comprimido oral, Blister","Comprimido",1.16,{"v":1300,"d":"1,300"},{"v":1508,"d":"1,508"},0,0,0,0,0,0,0,0,0,0,{"v":1300,"d":"1,300"},{"v":1508,"d":"1,508"},140,200,"9.3","9.3",0,0,77]
["10600218004","Cloranfenicol succinato sodico, 1 g, Polvo para inyección, Vial","Vial",49.5,0,0,0,0,0,0,0,0,0,0,0,0,0,0,100,0,"0.0","0.0",200,9900,1304]
["11500104005","Clorhexidina digluconato, 0.04, Solución tópica, Frasco","Frasco",493.9,6,{"v":2963.4,"d":"2,963"},0,0,0,0,0,0,0,0,0,0,6,{"v":2963.4,"d":"2,963"},0,0,"00","00",0,0,85]
["11500104003","Clorhexidina gluconato , 0.05, Solución tópica, Galón","Galón",576.4,4,{"v":2305.6,"d":"2,306"},4,{"v":2305.6,"d":"2,306"},0,0,2,{"v":1152.8,"d":"1,153"},0,0,0,0,6,{"v":3458.4,"d":"3,458"},3,0,"2.0","2.0",0,0,84]
["12400101001","Clorpromazina, 100 mg, Comprimido oral, Blister","Comprimido",1.1,200,220,0,0,0,0,0,0,0,0,0,0,200,220,0,0,"00","00",0,0,104]
["12400101004","Clorpromazina, 25 mg /ml, Inyectable, Ampolla x 2 ml","Ampolla",28.94,300,{"v":8682,"d":"8,682"},300,{"v":8682,"d":"8,682"},0,0,200,{"v":5788,"d":"5,788"},0,0,0,0,400,{"v":11576,"d":"11,576"},138,0,"2.9","2.9",0,0,378]
["12400101006","Clorpromazina, 50 mg /ml, Inyectable, Ampolla x 2 ml","Ampolla",30,0,0,0,0,0,0,0,0,0,0,0,0,0,0,117,0,"0.0","0.0",234,7020,685]
["12600202001","Cloruro potasico, 0.2, Inyectable, Ampolla x 10 ml","Ampolla",15.04,500,{"v":7520,"d":"7,520"},0,0,0,0,75,{"v":1128,"d":"1,128"},0,0,0,0,425,{"v":6392,"d":"6,392"},50,0,"8.5","8.5",0,0,130]
["12600203001","Cloruro sodico, 0.9%, Inyectable, Frasco x 1 l","Frasco",63.74,386,{"v":24603.64,"d":"24,604"},0,0,0,0,144,{"v":9178.56,"d":"9,179"},0,0,0,0,242,{"v":15425.08,"d":"15,425"},141,0,"1.7","1.7",40,2549.6,131]
["12600203003","Cloruro sodico, 0.9%, Inyectable, Frasco x 100 ml","Frasco",23.6,226,{"v":5333.6,"d":"5,334"},500,{"v":11800,"d":"11,800"},0,0,250,{"v":5900,"d":"5,900"},0,0,0,0,476,{"v":11233.6,"d":"11,234"},347,0,"1.4","1.4",218,5144.8,133]
["12600203002","Cloruro sodico, 0.9%, Inyectable, Frasco x 500 ml","Frasco",50.14,257,{"v":12885.98,"d":"12,886"},0,0,0,0,48,{"v":2406.72,"d":"2,407"},0,0,0,0,209,{"v":10479.26,"d":"10,479"},119,0,"1.8","1.8",29,1454.06,132]
["12400102001","Clozapina, 100 mg, Comprimido oral, Blister","Comprimido",3.77,500,{"v":1885,"d":"1,885"},300,{"v":1131,"d":"1,131"},0,0,0,0,0,0,0,0,800,{"v":3016,"d":"3,016"},100,0,"8.0","8.0",0,0,107]
["12400102002","Clozapina, 25 mg, Comprimido oral, Blister","Comprimido",3.14,0,0,0,0,0,0,0,0,0,0,0,0,0,0,100,0,"0.0","0.0",200,628,108]
["12700020002","Complejo b , (VIT.B1 100 mg, B2 10 mg,  B6 10mg, nicotinamida 100 mg)/ml, Inyectable, Vial x 10ml","Vial",54.18,172,{"v":9318.96,"d":"9,319"},0,0,0,0,0,0,0,0,0,0,172,{"v":9318.96,"d":"9,319"},51,0,"3.4","3.4",0,0,433]
["10600406002","Darunavir, 600 mg, Comprimido oral, Frasco x 120 tabletas","Comprimido",0,0,0,3,0,0,0,3,0,0,0,0,0,0,0,3,0,"0.0","0.0",6,0,350]
["10300202003","Dexametasona fosfato, 4 mg/ml, Inyectable, Ampolla x 1 ml","Ampolla",19.8,{"v":2100,"d":"2,100"},{"v":41580,"d":"41,580"},0,0,0,0,100,{"v":1980,"d":"1,980"},0,0,0,0,{"v":2000,"d":"2,000"},{"v":39600,"d":"39,600"},150,0,"13.3","13.3",0,0,1317]
["10300202004","Dexametasona fosfato, 4 mg/ml, Inyectable, Ampolla x 2ml","Ampolla",5.93,900,{"v":5337,"d":"5,337"},800,{"v":4744,"d":"4,744"},0,0,0,0,0,0,0,0,{"v":1700,"d":"1,700"},{"v":10081,"d":"10,081"},200,0,"8.5","8.5",0,0,341]
["12600204001","Dextrosa (glucosa), 0.05, Inyectable, Frasco x 1 l","Frasco",76.04,532,{"v":40453.28,"d":"40,453"},0,0,0,0,12,{"v":912.48,"d":"912"},0,0,0,0,520,{"v":39540.8,"d":"39,541"},24,0,"21.7","20.5",0,0,384]
["12600204006","Dextrosa (glucosa), 0.5, Inyectable, Frasco x 500 ml","Frasco",77.91,104,{"v":8102.64,"d":"8,103"},0,0,0,0,24,{"v":1869.84,"d":"1,870"},0,0,0,0,80,{"v":6232.8,"d":"6,233"},30,0,"2.7","2.7",0,0,1083]
["12600204005","Dextrosa (glucosa), 0.5, Inyectable, Vial 20 ml","Vial",16.92,450,{"v":7614,"d":"7,614"},0,0,0,0,0,0,0,0,0,0,450,{"v":7614,"d":"7,614"},88,0,"5.1","5.1",0,0,134]
["12600205001","Dextrosa + cloruro sodico, 5% + 0.33%, Inyectable, Frasco x 1 l","Frasco",79.2,36,{"v":2851.2,"d":"2,851"},900,{"v":71280,"d":"71,280"},0,0,516,{"v":40867.2,"d":"40,867"},0,0,0,0,420,{"v":33264,"d":"33,264"},367,0,"1.1","1.1",314,24868.8,440]
["12600205002","Dextrosa + cloruro sodico, 5% + 0.33%, Inyectable, Frasco x 500 ml","Frasco",89.42,173,{"v":15469.66,"d":"15,470"},600,{"v":53652,"d":"53,652"},0,0,0,0,0,0,0,0,773,{"v":69121.66,"d":"69,122"},214,0,"3.6","3.6",0,0,135]
["12600205003","Dextrosa + cloruro sodico, 5% + 0.9%, Inyectable, Frasco x 1 l","Frasco",55.87,276,{"v":15420.12,"d":"15,420"},0,0,0,0,0,0,0,0,0,0,276,{"v":15420.12,"d":"15,420"},36,0,"7.7","7.7",0,0,385]
["11500203001","Dialdehido solucion, , Solución, Galón","Galón",794.2,0,0,0,0,0,0,0,0,0,0,0,0,0,0,2,0,"0.0","0.0",4,3176.8,550]
["12400302001","Diazepam, 10 mg, Comprimido oral, Blister","Comprimido",3.43,100,343,0,0,0,0,0,0,0,0,100,343,0,0,300,0,"0.0","0.0",600,2058,1142]
["12400302003","Diazepam, 5 mg/ml, Inyectable, Ampolla x 2 ml","Ampolla",18.92,300,{"v":5676,"d":"5,676"},0,0,0,0,0,0,0,0,300,{"v":5676,"d":"5,676"},0,0,360,200,"0.0","0.0",720,13622.4,382]
["10200102002","Diclofenaco sodico, 12.5 mg, Supositorio, Blister","Supositorio",5.98,300,{"v":1794,"d":"1,794"},200,{"v":1196,"d":"1,196"},0,0,0,0,0,0,0,0,500,{"v":2990,"d":"2,990"},140,0,"3.6","3.6",0,0,9]
["10200102008","Diclofenaco sodico, 25 mg /ml, Inyectable, Ampolla x 3 ml","Ampolla",1.61,651,{"v":1048.11,"d":"1,048"},500,805,0,0,{"v":1200,"d":"1,200"},{"v":1932,"d":"1,932"},249,{"v":400.89,"d":"401"},0,0,200,322,769,0,"0.3","0.3",{"v":1338,"d":"1,338"},2154.18,10]
["10600220003","Dicloxacilina, 500 mg, Polvo para inyección, Vial","Vial",87.36,0,0,0,0,0,0,0,0,0,0,0,0,0,0,20,0,"0.0","0.0",40,3494.4,42]
["10300102001","Difenhidramina, 10 mg/ml, Inyectable, Ampolla x 1 ml","Ampolla",7.83,500,{"v":3915,"d":"3,915"},500,{"v":3915,"d":"3,915"},0,0,500,{"v":3915,"d":"3,915"},0,0,0,0,500,{"v":3915,"d":"3,915"},392,0,"1.3","1.3",284,2223.72,21]
["10300102002","Difenhidramina, 12.5 mg/5ml, Jarabe, Frasco x 120 ml","Frasco",10.52,98,{"v":1030.96,"d":"1,031"},0,0,0,0,20,{"v":210.4,"d":"210"},0,0,0,0,78,{"v":820.56,"d":"821"},15,0,"5.2","5.2",0,0,340]
["10300102004","Difenhidramina, 25 mg, Comprimido oral, Blister","Comprimido",0.34,{"v":3400,"d":"3,400"},{"v":1156,"d":"1,156"},0,0,0,0,500,170,0,0,0,0,{"v":2900,"d":"2,900"},986,575,{"v":1000,"d":"1,000"},"5.0","5.0",0,0,22]
["11200401001","Digoxina, 0.25 mg/ml, Inyectable, Ampolla x 2 ml","Ampolla",18.93,680,{"v":12872.4,"d":"12,872"},0,0,0,0,0,0,0,0,0,0,680,{"v":12872.4,"d":"12,872"},65,0,"10.5","10.5",0,0,75]
["11200401002","Digoxina, 250 mcg, Comprimido oral, Blister","Comprimido",0.88,0,0,0,0,0,0,0,0,0,0,0,0,0,0,100,0,"0.0","0.0",200,176,1254]
["11700201005","Dimenhidrinato, 50 mg, Inyectable, Ampolla x 1 ml","Ampolla",4.68,{"v":1100,"d":"1,100"},{"v":5148,"d":"5,148"},600,{"v":2808,"d":"2,808"},0,0,200,936,0,0,0,0,{"v":1500,"d":"1,500"},{"v":7020,"d":"7,020"},181,0,"8.3","8.3",0,0,94]
["11800401001","Dispositivo intrauterino que contiene cobre, , , Unidad","Sobre",0,0,0,0,0,0,0,0,0,0,0,0,0,0,0,6,0,"0.0","0.0",12,0,371]
["11200402002","Dobutamina clorhidrato, 12.5 mg/ml, Inyectable, Vial x 20 ml","Vial",0,0,0,0,0,0,0,0,0,0,0,0,0,0,0,40,0,"0.0","0.0",80,0,717]
["10600414003","Dolutegravir, 50 mg, Comprimido oral, Frasco","Comprimido",0,0,0,110,0,0,0,110,0,0,0,0,0,0,0,112,0,"0.0","0.0",224,0,58]
["11200403001","Dopamina clorhidrato, 40 mg/ml, Inyectable, Ampolla x 5 ml","Ampolla",19.2,200,{"v":3840,"d":"3,840"},0,0,0,0,0,0,0,0,0,0,200,{"v":3840,"d":"3,840"},10,0,"20.0","3.0",0,0,363]
["12700022003","Efedrina sulfato, 60 mg/ml, Inyectable, Ampolla  x 1ml","Ampolla",26.4,0,0,0,0,0,0,0,0,0,0,0,0,0,0,110,0,"0.0","0.0",220,5808,387]
["11200304001","Enalapril maleato, 10 mg, Comprimido oral, Blister","Comprimido",0.31,0,0,0,0,0,0,0,0,0,0,0,0,0,0,100,0,"0.0","0.0",200,62,360]
["11200304002","Enalapril maleato, 20 mg, Comprimido oral, Blister","Comprimido",0.56,{"v":2200,"d":"2,200"},{"v":1232,"d":"1,232"},0,0,0,0,0,0,0,0,0,0,{"v":2200,"d":"2,200"},{"v":1232,"d":"1,232"},200,0,"11.0","11.0",0,0,361]
["11000202001","Enoxaparina, 20 mg /0.2 ml, Inyectable, Jeringa precargada","Jeringa precargada",117.78,91,{"v":10717.98,"d":"10,718"},0,0,0,0,0,0,0,0,0,0,91,{"v":10717.98,"d":"10,718"},43,0,"2.1","2.1",0,0,66]
["11000202002","Enoxaparina, 40 mg /0.2 ml, Inyectable, Jeringa precargada","Jeringa precargada",216.7,10,{"v":2167,"d":"2,167"},0,0,0,0,0,0,0,0,0,0,10,{"v":2167,"d":"2,167"},17,0,"0.6","0.6",24,5200.8,431]
["10300204001","Epinefrina (adrenalina), 1 mg/mL, Inyectable, Ampolla x 1 ml","Ampolla",14.66,400,{"v":5864,"d":"5,864"},100,{"v":1466,"d":"1,466"},0,0,0,0,0,0,0,0,500,{"v":7330,"d":"7,330"},153,0,"3.3","3.3",0,0,342]
["11000102001","Eritropoyetina, 4000 UI / ml, Inyectable, Ampolla x1 ml","Ampolla",292.48,100,{"v":29248,"d":"29,248"},0,0,0,0,28,{"v":8189.44,"d":"8,189"},0,0,0,0,72,{"v":21058.56,"d":"21,059"},18,2,"4.0","4.0",0,0,778]
["11800303001","Etinilestradiol + levonorgestrel, 30 mcg + 150 mcg, Comprimido oral, Blister","Comprimido",0,0,0,0,0,0,0,0,0,0,0,0,0,0,0,73,0,"0.0","0.0",146,0,370]
["11800601001","Etonogestrel, 68 mg, Implante, Unidad","Caja",0,0,0,0,0,0,0,0,0,0,0,0,0,0,0,3,0,"0.0","0.0",6,0,100]
["10500003004","Fenitoina sodica, 50 mg/ml, Inyectable, Vial x 5 ml","Vial",30.83,200,{"v":6166,"d":"6,166"},0,0,0,0,124,{"v":3822.92,"d":"3,823"},0,0,0,0,76,{"v":2343.08,"d":"2,343"},113,1,"0.7","0.7",150,4624.5,30]
["10200202001","Fentanilo, 0.1  mg / 2ml, Inyectable, Ampolla x 2 ml","Ampolla",27.92,100,{"v":2792,"d":"2,792"},0,0,0,0,0,0,0,0,100,{"v":2792,"d":"2,792"},0,0,125,0,"0.0","0.0",250,6980,461]
["10200202002","Fentanilo, 0.5  mg / 10ml, Inyectable, Ampolla x 10ml","Ampolla",59.37,150,{"v":8905.5,"d":"8,906"},0,0,0,0,0,0,0,0,150,{"v":8905.5,"d":"8,906"},0,0,200,0,"0.0","0.0",400,23748,639]
["10400204004","Fitomenadiona (vit.k), 10 mg/ml, Inyectable, Ampolla x 5 ml","Ampolla",13.49,300,{"v":4047,"d":"4,047"},100,{"v":1349,"d":"1,349"},0,0,0,0,0,0,0,0,400,{"v":5396,"d":"5,396"},100,0,"4.0","4.0",0,0,26]
["10600302001","Fluconazol, 150 mg, Cápsula oral, Blister","Cápsula",4.16,369,{"v":1535.04,"d":"1,535"},0,0,0,0,100,416,0,0,0,0,269,{"v":1119.04,"d":"1,119"},100,0,"2.7","2.7",0,0,52]
["10600302002","Fluconazol, 2 mg/mL, Inyectable, Vial x 100 ml","Vial",44.27,37,{"v":1637.99,"d":"1,638"},0,0,0,0,0,0,0,0,0,0,37,{"v":1637.99,"d":"1,638"},18,0,"2.1","2.1",0,0,53]
["12400103001","Flufenazina decanoato, 25 mg/ml, Inyectable, Ampolla x 1 ml","Ampolla",682,{"v":1734,"d":"1,734"},{"v":1182588,"d":"1,182,588"},0,0,0,0,0,0,0,0,0,0,{"v":1734,"d":"1,734"},{"v":1182588,"d":"1,182,588"},150,100,"11.6","0.0",0,0,109]
["10400205005","Flumazenilo, 1 mg, Inyectable, Ampolla x 10 ml","Ampolla",665.5,10,{"v":6655,"d":"6,655"},0,0,0,0,0,0,0,0,0,0,10,{"v":6655,"d":"6,655"},25,0,"0.4","0.4",40,26620,947]
["12400203001","Fluoxetina, 20 mg, Comprimido oral, Blister","Comprimido",0.69,200,138,200,138,0,0,0,0,0,0,0,0,400,276,500,0,"0.8","0.8",600,414,381]
["10600225001","Fosfomicina, 1 g, Polvo para inyección, Vial","Vial",132,100,{"v":13200,"d":"13,200"},0,0,0,0,0,0,0,0,0,0,100,{"v":13200,"d":"13,200"},45,0,"2.2","0.0",0,0,782]
["11600005001","Furosemida, 10 mg/ml, Inyectable, Ampolla x 2 ml","Ampolla",2.21,600,{"v":1326,"d":"1,326"},100,221,0,0,0,0,0,0,0,0,700,{"v":1547,"d":"1,547"},155,0,"4.5","4.5",0,0,366]
["11600005002","Furosemida, 40 mg, Comprimido oral, Blister","Comprimido",0.42,600,252,0,0,0,0,0,0,0,0,0,0,600,252,0,0,"00","00",0,0,90]
["10600226003","Gentamicina sulfato, 40 mg/ml, Inyectable, Ampolla x 2 ml","Ampolla",4.74,100,474,0,0,0,0,0,0,0,0,0,0,100,474,100,0,"1.0","1.0",100,474,43]
["10600226004","Gentamicina sulfato, 80 mg/ml, Inyectable, Vial x 2 ml","Vial",4.88,0,0,100,488,0,0,100,488,0,0,0,0,0,0,100,0,"0.0","0.0",200,976,783]
["12600206001","Gluconato de calcio, 100 mg/ml, Inyectable, Ampolla x 10 ml","Ampolla",28.82,100,{"v":2882,"d":"2,882"},0,0,0,0,100,{"v":2882,"d":"2,882"},0,0,0,0,0,0,125,100,"0.0","0.0",250,7205,554]
["11500204001","Glutaraldehido, 0.02, Solución, Galón","Galón",1787.47,18,{"v":32174.46,"d":"32,174"},0,0,0,0,2,{"v":3574.94,"d":"3,575"},0,0,0,0,16,{"v":28599.52,"d":"28,600"},2,0,"8.0","8.0",0,0,365]
["12400104005","Haloperidol, 5 mg/ml, Inyectable, Ampolla x 1 ml","Ampolla",76.76,0,0,300,{"v":23028,"d":"23,028"},0,0,210,{"v":16119.6,"d":"16,120"},10,{"v":767.6,"d":"768"},0,0,100,{"v":7676,"d":"7,676"},114,0,"0.9","0.9",128,9825.28,432]
["12400104006","Haloperidol, 5 mg/ml, Inyectable, Ampolla x 2 ml","Ampolla",13.73,0,0,0,0,0,0,0,0,0,0,0,0,0,0,70,10,"0.0","0.0",140,1922.2,110]
["11000204005","Heparina soldica, 25000 UI/ ml, Inyectable, Vial  5 ml","Vial",0,0,0,0,0,0,0,0,0,0,0,0,0,0,0,20,0,"0.0","0.0",40,0,67]
["11000204001","Heparina soldica, 5000 UI/ ml, Inyectable, Vial  1 ml","Vial",156.59,65,{"v":10178.35,"d":"10,178"},0,0,0,0,0,0,0,0,0,0,65,{"v":10178.35,"d":"10,178"},18,0,"3.6","3.6",0,0,357]
["11600006002","Hidroclorotiazida, 50 mg, Comprimido oral, Blister","Comprimido",0.79,200,158,0,0,0,0,0,0,0,0,0,0,200,158,0,0,"00","00",0,0,1161]
["10300205001","Hidrocortisona sucinato sodico, 100 mg, Polvo para inyección, Vial","Vial",14.82,{"v":3500,"d":"3,500"},{"v":51870,"d":"51,870"},{"v":2000,"d":"2,000"},{"v":29640,"d":"29,640"},0,0,700,{"v":10374,"d":"10,374"},0,0,0,0,{"v":4800,"d":"4,800"},{"v":71136,"d":"71,136"},695,0,"6.9","6.9",0,0,25]
["11100103001","Hierro dextrano, 50 mg / ml, Inyectable, Ampolla x 2 ml","Ampolla",16.16,100,{"v":1616,"d":"1,616"},0,0,0,0,0,0,0,0,0,0,100,{"v":1616,"d":"1,616"},0,0,"00","00",0,0,765]
["11700501001","Hioscina butilbromuro, 20 mg/ml, Inyectable, Ampolla x 1 ml","Ampolla",37.07,400,{"v":14828,"d":"14,828"},0,0,0,0,0,0,0,0,0,0,400,{"v":14828,"d":"14,828"},0,0,"00","00",0,0,95]
["10200103004","Ibuprofeno, 400 mg, Comprimido oral, Blister","Comprimido",1.1,0,0,0,0,0,0,0,0,0,0,0,0,0,0,133,0,"0.0","0.0",266,292.6,12]
["10200103005","Ibuprofeno, 600 mg, Comprimido oral, Blister","Comprimido",0.6,100,60,0,0,0,0,0,0,0,0,0,0,100,60,60,0,"1.7","1.7",20,12,1200]
["10600246001","Imipenem + cilastatina, 500 mg + 500 mg, Polvo para inyección, Vial","Vial",156.04,180,{"v":28087.2,"d":"28,087"},0,0,0,0,0,0,0,0,0,0,180,{"v":28087.2,"d":"28,087"},25,0,"7.2","7.0",0,0,348]
["11900206001","Inmunoglobulina tetánica, 250 UI, Inyectable, Vial","Vial",730.28,0,0,60,{"v":43816.8,"d":"43,817"},0,0,60,{"v":43816.8,"d":"43,817"},0,0,0,0,0,0,59,0,"0.0","0.0",118,86173.04,375]
["11800802001","Insulina intermedia nph , 100 UI/ml, Inyectable, Vial x 10 ml","Vial",198.35,20,{"v":3967,"d":"3,967"},0,0,0,0,0,0,0,0,0,0,20,{"v":3967,"d":"3,967"},10,0,"2.0","2.0",0,0,372]
["11800802003","Insulina mixta 70 / 30 humana, 100 UI/ml, Inyectable, Vial x 10 ml","Vial",190.71,60,{"v":11442.6,"d":"11,443"},0,0,0,0,0,0,0,0,0,0,60,{"v":11442.6,"d":"11,443"},30,0,"2.0","2.0",0,0,373]
["11800802004","Insulina regular (cristalina), 100 UI/ml, Inyectable, Vial x 10 ml","Vial",248.2,10,{"v":2482,"d":"2,482"},20,{"v":4964,"d":"4,964"},0,0,0,0,0,0,0,0,30,{"v":7446,"d":"7,446"},0,0,"00","00",0,0,374]
["10100104001","Ketamina, 50 mg /ml, Inyectable, Vial x 10 ml","Vial",60.5,200,{"v":12100,"d":"12,100"},0,0,0,0,0,0,0,0,200,{"v":12100,"d":"12,100"},0,0,145,0,"0.0","0.0",290,17545,337]
["10200104002","Ketorolaco trometamol, 30 mg / ml, Inyectable, Ampolla x 1 ml","Ampolla",8.26,550,{"v":4543,"d":"4,543"},300,{"v":2478,"d":"2,478"},0,0,200,{"v":1652,"d":"1,652"},0,0,0,0,650,{"v":5369,"d":"5,369"},167,0,"3.9","3.9",0,0,14]
["10200104001","Ketorolaco trometamol, 30 mg / ml, Inyectable, Ampolla x 2 ml","Ampolla",29.7,500,{"v":14850,"d":"14,850"},0,0,0,0,0,0,0,0,0,0,500,{"v":14850,"d":"14,850"},100,0,"5.0","5.0",0,0,13]
["11200305005","Labetalol clorhidrato, 5 mg / ml, Inyectable, Ampolla","Ampolla",483.5,70,{"v":33845,"d":"33,845"},0,0,0,0,0,0,0,0,0,0,70,{"v":33845,"d":"33,845"},13,0,"5.4","3.0",0,0,824]
["12600207001","Lactato de ringer (hartmann), , Inyectable, Frasco x 1000 ml","Frasco",65.77,12,{"v":789.24,"d":"789"},{"v":2400,"d":"2,400"},{"v":157848,"d":"157,848"},0,0,624,{"v":41040.48,"d":"41,040"},0,0,0,0,{"v":1788,"d":"1,788"},{"v":117596.76,"d":"117,597"},474,0,"3.8","3.8",0,0,386]
["12600207002","Lactato de ringer (hartmann), , Inyectable, Frasco x 500 ml","Frasco",37.93,2,{"v":75.86,"d":"76"},0,0,0,0,0,0,0,0,0,0,2,{"v":75.86,"d":"76"},80,0,"0.0","0.0",158,5992.94,959]
["10600229001","Levofloxacina, 5 mg/ml, Inyectable, Vial x 100 ml","Vial",24.6,50,{"v":1230,"d":"1,230"},0,0,0,0,10,246,0,0,0,0,40,984,13,0,"3.1","3.1",0,0,459]
["10600229002","Levofloxacina, 500 mg, Comprimido oral, Blister","Comprimido",13.97,60,{"v":838.2,"d":"838"},0,0,0,0,0,0,0,0,0,0,60,{"v":838.2,"d":"838"},0,0,"00","00",0,0,690]
["11800305002","Levonorgestrel, 30 mcg, Comprimido oral, Blister","Comprimido",0,0,0,0,0,0,0,0,0,0,0,0,0,0,0,27,0,"0.0","0.0",54,0,99]
["11800305003","Levonorgestrel, 750 mcg, Comprimido oral, Blister","Comprimido",0,0,0,0,0,0,0,0,0,0,0,0,0,0,0,8,0,"0.0","0.0",16,0,1066]
["11801102003","Levotiroxina sal sodica, 25 mcg, Comprimido oral, Blister","Comprimido",1.89,0,0,0,0,0,0,0,0,0,0,0,0,0,0,100,0,"0.0","0.0",200,378,1096]
["10100205002","Lidocaina clorhidrato + epinefrina, 1 % + 1:200, Inyectable, Vial x 50 ml","Vial",103.55,44,{"v":4556.2,"d":"4,556"},0,0,0,0,4,{"v":414.2,"d":"414"},0,0,0,0,40,{"v":4142,"d":"4,142"},4,0,"10.0","10.0",0,0,5]
["10100204004","Lidocaina clorhidrato, 0.02, Inyectable, Vial x 20 ml","Vial",27.5,145,{"v":3987.5,"d":"3,988"},50,{"v":1375,"d":"1,375"},0,0,0,0,0,0,0,0,195,{"v":5362.5,"d":"5,363"},11,0,"17.7","17.7",0,0,1265]
["10100204005","Lidocaina clorhidrato, 0.02, Inyectable, Vial x 50 ml","Vial",60.5,2,121,0,0,0,0,0,0,0,0,0,0,2,121,7,0,"0.3","0.3",12,726,4]
["10300103002","Loratadina, 1 mg/ml, Jarabe, Frasco x 90 ml","Frasco",22.35,49,{"v":1095.15,"d":"1,095"},0,0,0,0,0,0,0,0,0,0,49,{"v":1095.15,"d":"1,095"},6,0,"8.2","8.2",0,0,1266]
["10300103001","Loratadina, 10 mg, Comprimido oral, Blister","Comprimido",0.83,100,83,0,0,0,0,0,0,0,0,0,0,100,83,50,0,"2.0","2.0",0,0,1267]
["12400303003","Lorazepam, 2 mg/ml, Inyectable, Ampolla x 1 ml","Ampolla",0,0,0,0,0,0,0,0,0,0,0,0,0,0,0,96,0,"0.0","0.0",192,0,1291]
["11200306001","Losartan, 50 mg, Comprimido oral, Blister","Comprimido",0.36,0,0,0,0,0,0,0,0,0,0,0,0,0,0,100,0,"0.0","0.0",200,72,362]
["11600007002","Manitol, 0.2, Inyectable, Frasco x 250 ml","Frasco",198,0,0,0,0,0,0,0,0,0,0,0,0,0,0,24,24,"0.0","0.0",48,9504,1175]
["10600230001","Meropenem, 1 g, Polvo para inyección, Vial","Vial",149.02,150,{"v":22353,"d":"22,353"},50,{"v":7451,"d":"7,451"},0,0,0,0,0,0,0,0,200,{"v":29804,"d":"29,804"},45,0,"4.4","4.4",0,0,44]
["11700501002","Metamizol, 1 g/2 ml, Inyectable, Ampolla x 1 ml","Ampolla",123.89,0,0,0,0,0,0,0,0,0,0,0,0,0,0,100,0,"0.0","0.0",200,24778,1220]
["11800803001","Metformina, 500 mg, Comprimido oral, Blister","Comprimido",0.36,0,0,0,0,0,0,0,0,0,0,0,0,0,0,200,0,"0.0","0.0",400,144,1158]
["11800803002","Metformina, 850 mg, Comprimido oral, Blister","Comprimido",0.68,200,136,0,0,0,0,0,0,0,0,0,0,200,136,100,100,"2.0","0.0",0,0,1093]
["11200307002","Metildopa, 500 mg, Comprimido oral, Blister","Comprimido",0,100,0,0,0,0,0,0,0,0,0,0,0,100,0,0,0,"00","00",0,0,1095]
["11800103001","Metilprednisolona, 40 mg /ml, Polvo para inyección, Vial x 1 ml","Vial",58.92,50,{"v":2946,"d":"2,946"},200,{"v":11784,"d":"11,784"},0,0,0,0,0,0,0,0,250,{"v":14730,"d":"14,730"},175,0,"1.4","1.4",100,5892,793]
["11800103002","Metilprednisolona, 500 mg, Polvo para inyección, Vial","Vial",113.23,608,{"v":68843.84,"d":"68,844"},0,0,0,0,150,{"v":16984.5,"d":"16,985"},0,0,0,0,458,{"v":51859.34,"d":"51,859"},159,450,"2.9","2.9",0,0,96]
["11800103003","Metilprednisolona, 80 mg /ml, Polvo para inyección, Vial x 1 ml","Vial",445.5,315,{"v":140332.5,"d":"140,333"},400,{"v":178200,"d":"178,200"},0,0,0,0,0,0,0,0,715,{"v":318532.5,"d":"318,533"},81,0,"8.8","8.8",0,0,369]
["11700201003","Metoclopramida clorhidrato, 5 mg/ml, Inyectable, Ampolla x 2 ml","Ampolla",3.62,300,{"v":1086,"d":"1,086"},50,181,0,0,0,0,0,0,0,0,350,{"v":1267,"d":"1,267"},140,0,"2.5","2.5",0,0,93]
["10600231002","Metronidazol, 5 mg/ml, Inyectable, Vial x 100 ml","Vial",17.03,290,{"v":4938.7,"d":"4,939"},200,{"v":3406,"d":"3,406"},0,0,0,0,0,0,0,0,490,{"v":8344.7,"d":"8,345"},55,0,"8.9","8.9",0,0,45]
["10100302003","Midazolam, 5 mg/ml, Inyectable, Ampolla x 3 ml","Ampolla",74.53,200,{"v":14906,"d":"14,906"},0,0,0,0,0,0,0,0,200,{"v":14906,"d":"14,906"},0,0,250,0,"0.0","0.0",500,37265,7]
["10200204001","Morfina sulfato o clorhidrato, 10 mg / ml, Inyectable, Ampolla x 1 ml","Ampolla",121,100,{"v":12100,"d":"12,100"},0,0,0,0,0,0,0,0,100,{"v":12100,"d":"12,100"},0,0,133,0,"0.0","0.0",266,32186,1253]
["10200205002","Nalbufina, 10 mg / ml, Inyectable, Ampolla x 2 ml","Ampolla",64.9,0,0,0,0,0,0,0,0,0,0,0,0,0,0,150,0,"0.0","0.0",300,19470,19]
["10400207007","Naloxona clorhidrato, 400 mcg/ml, Inyectable, Ampolla x 1 ml","Ampolla",548.9,200,{"v":109780,"d":"109,780"},0,0,0,0,0,0,0,0,200,{"v":109780,"d":"109,780"},0,0,40,0,"0.0","0.0",80,43912,708]
["12000002002","Neostigmina metilsulfato, 0.5 mg/ml, Inyectable, Ampolla x 1 ml","Ampolla",15.09,100,{"v":1509,"d":"1,509"},0,0,0,0,0,0,0,0,0,0,100,{"v":1509,"d":"1,509"},80,0,"1.3","1.3",60,905.4,102]
["12200201001","Nifedipina, 10 mg, Comprimido oral de liberación inmediata, Blister","Comprimido",0.15,0,0,0,0,0,0,0,0,0,0,0,0,0,0,100,0,"0.0","0.0",200,30,103]
["10600306004","Nistatina, 100000 UI/ml, Suspensión oral, Frasco x 30 ml","Frasco",38.55,12,{"v":462.6,"d":"463"},0,0,0,0,0,0,0,0,0,0,12,{"v":462.6,"d":"463"},7,0,"1.7","1.7",2,77.1,1191]
["11300207002","Nitrofurazona, 0.2%, Crema tópica, Tarro x 1 lb","Tarro",155.62,6,{"v":933.72,"d":"934"},5,{"v":778.1,"d":"778"},0,0,2,{"v":311.24,"d":"311"},0,0,0,0,9,{"v":1400.58,"d":"1,401"},2,0,"4.5","4.5",0,0,80]
["11200104001","Nitroglicerina, 5 mg/ml, Inyectable, Ampolla x 5 ml","Ampolla",170.5,20,{"v":3410,"d":"3,410"},0,0,0,0,0,0,0,0,0,0,20,{"v":3410,"d":"3,410"},0,0,"00","00",0,0,70]
["10300204003","Norepinefrina (noradrenalina), 1 mg/ml , Inyectable, Ampolla x 10 ml","Ampolla",138.12,290,{"v":40054.8,"d":"40,055"},50,{"v":6906,"d":"6,906"},0,0,20,{"v":2762.4,"d":"2,762"},0,0,0,0,320,{"v":44198.4,"d":"44,198"},48,0,"6.7","6.7",0,0,24]
["12400105001","Olanzapina, 10 mg, Comprimido oral, Blister","Comprimido",2.41,600,{"v":1446,"d":"1,446"},300,723,0,0,400,964,0,0,0,0,500,{"v":1205,"d":"1,205"},300,0,"1.7","1.7",100,241,113]
["12400105003","Olanzapina, 5 mg, Comprimido oral, Blister","Comprimido",1.01,{"v":2000,"d":"2,000"},{"v":2020,"d":"2,020"},{"v":2000,"d":"2,000"},{"v":2020,"d":"2,020"},0,0,{"v":3000,"d":"3,000"},{"v":3030,"d":"3,030"},0,0,0,0,{"v":1000,"d":"1,000"},{"v":1010,"d":"1,010"},811,0,"1.2","1.2",622,628.22,114]
["11700101001","Omeprazol, 20 mg, Cápsula oral, Blister","Cápsula",0.43,400,172,0,0,0,0,100,43,0,0,0,0,300,129,140,0,"2.1","2.1",0,0,825]
["11700101003","Omeprazol, 40 mg/ml, Polvo para inyección, Vial","Vial",15.87,500,{"v":7935,"d":"7,935"},600,{"v":9522,"d":"9,522"},0,0,300,{"v":4761,"d":"4,761"},0,0,0,0,800,{"v":12696,"d":"12,696"},303,0,"2.6","2.6",0,0,91]
["11300305001","Oxido de zinc, , Loción, Frasco","Frasco",599.75,0,0,0,0,0,0,0,0,0,0,0,0,0,0,9,0,"0.0","0.0",18,10795.5,1091]
["10200107006","Paracetamol, 10 mg/ml, Inyectable, Ampolla x 10ml","Ampolla",50.04,405,{"v":20266.2,"d":"20,266"},482,{"v":24119.28,"d":"24,119"},0,0,60,{"v":3002.4,"d":"3,002"},0,0,0,0,827,{"v":41383.08,"d":"41,383"},145,0,"5.7","5.7",0,0,18]
["10200107001","Paracetamol, 100 mg, Supositorio, Blister","Supositorio",29.04,300,{"v":8712,"d":"8,712"},0,0,0,0,0,0,0,0,0,0,300,{"v":8712,"d":"8,712"},140,0,"2.1","1.0",0,0,15]
["10200107003","Paracetamol, 125 mg/5ml, Jarabe, Frasco x 120 ml","Frasco",28.05,270,{"v":7573.5,"d":"7,574"},0,0,0,0,0,0,0,0,0,0,270,{"v":7573.5,"d":"7,574"},15,0,"18.0","14.7",0,0,16]
["10200107005","Paracetamol, 500 mg, Comprimido oral, Blister","Comprimido",0.6,200,120,0,0,0,0,200,120,0,0,0,0,0,0,255,0,"0.0","0.0",510,306,17]
["10600234001","Penicilina g benzatinica (bencil penicilina) , 1,200,000 UI, Polvo para inyección, Vial","Vial",15.56,200,{"v":3112,"d":"3,112"},0,0,0,0,0,0,0,0,0,0,200,{"v":3112,"d":"3,112"},50,0,"4.0","4.0",0,0,46]
["10600234002","Penicilina g benzatinica (bencil penicilina) , 2,400,000 UI, Polvo para inyección, Vial","Vial",38.5,50,{"v":1925,"d":"1,925"},50,{"v":1925,"d":"1,925"},0,0,0,0,0,0,0,0,100,{"v":3850,"d":"3,850"},50,0,"2.0","2.0",0,0,47]
["10600234003","Penicilina g benzatinica (bencil penicilina) , 600,000 UI, Polvo para inyección, Vial","Vial",20.79,100,{"v":2079,"d":"2,079"},0,0,0,0,0,0,0,0,0,0,100,{"v":2079,"d":"2,079"},0,0,"00","00",0,0,1268]
["10600235001","Penicilina g cristalina (bencilpenicilina) en sal sodica o potasica, 1,000,000 UI, Polvo para inyección, Vial","Vial",15.4,100,{"v":1540,"d":"1,540"},0,0,0,0,0,0,0,0,0,0,100,{"v":1540,"d":"1,540"},0,0,"00","00",0,0,1309]
["10600235002","Penicilina g cristalina (bencilpenicilina) en sal sodica o potasica, 5,000,000 UI, Polvo para inyección, Vial","Vial",41.98,250,{"v":10495,"d":"10,495"},200,{"v":8396,"d":"8,396"},0,0,50,{"v":2099,"d":"2,099"},0,0,0,0,400,{"v":16792,"d":"16,792"},57,0,"7.0","7.0",0,0,48]
["10600236003","Penicilina g procainica(bencilpenicilina procainica), 4,000,000  UI, Polvo para inyección, Vial","Vial",39.85,150,{"v":5977.5,"d":"5,978"},0,0,0,0,0,0,0,0,0,0,150,{"v":5977.5,"d":"5,978"},0,0,"00","00",0,0,49]
["10600236004","Penicilina g procainica(bencilpenicilina procainica), 400,000 UI, Polvo para inyección, Vial","Vial",19.32,50,966,0,0,0,0,0,0,0,0,0,0,50,966,0,0,"00","00",0,0,1174]
["10600237001","Piperacilina + tazobactam, 4.0 g + 500 mg, Polvo para inyección, Vial","Vial",82.36,159,{"v":13095.24,"d":"13,095"},25,{"v":2059,"d":"2,059"},0,0,0,0,0,0,0,0,184,{"v":15154.24,"d":"15,154"},22,0,"8.4","8.4",0,0,1179]
["12700014001","Piridoxina (vit. B6) clorhidrato, 25 mg, Comprimido oral, Blister","Comprimido",0,0,0,600,0,0,0,600,0,0,0,0,0,0,0,202,0,"0.0","0.0",404,0,814]
["11800104003","Prednisona, 50 mg, Comprimido oral, Blister","Comprimido",1.43,0,0,0,0,0,0,0,0,0,0,0,0,0,0,100,0,"0.0","0.0",200,286,97]
["10100106001","Propofol, 10 mg / ml, Inyectable, Ampolla x 20 ml","Ampolla",48.92,100,{"v":4892,"d":"4,892"},50,{"v":2446,"d":"2,446"},0,0,0,0,0,0,0,0,150,{"v":7338,"d":"7,338"},93,0,"1.6","1.6",36,1761.12,338]
["12700010003","Proteina pediatrica, , Polvo oral, Lata","Lata",0,24,0,0,0,0,0,0,0,0,0,0,0,24,0,24,0,"1.0","1.0",24,0,1348]
["12400106001","Quetiapina, 100 mg, Comprimido oral, Blister","Comprimido",4.57,300,{"v":1371,"d":"1,371"},0,0,0,0,0,0,0,0,0,0,300,{"v":1371,"d":"1,371"},150,0,"2.0","2.0",0,0,380]
["12400106003","Quetiapina, 25 mg, Comprimido oral, Blister","Comprimido",3.55,220,781,0,0,0,0,0,0,0,0,0,0,220,781,467,{"v":1000,"d":"1,000"},"0.5","0.0",714,2534.7,115]
["12400106005","Quetiapina, 300 mg, Comprimido oral, Blister","Comprimido",4.89,70,{"v":342.3,"d":"342"},500,{"v":2445,"d":"2,445"},0,0,100,489,0,0,0,0,470,{"v":2298.3,"d":"2,298"},177,300,"2.7","2.7",0,0,952]
["11700102003","Ranitidina clorhidrato, 25 mg/ml, Inyectable, Ampolla x 2 ml","Ampolla",9.6,350,{"v":3360,"d":"3,360"},0,0,0,0,0,0,0,0,0,0,350,{"v":3360,"d":"3,360"},0,0,"00","00",0,0,367]
["10600240003","Rifampicina, 300 mg, Cápsula oral, Blister","Cápsula",0,0,0,0,0,0,0,0,0,0,0,0,0,0,0,100,0,"0.0","0.0",200,0,50]
["12400107001","Risperidona, 1 mg, Comprimido oral, Blister","Comprimido",0.38,0,0,{"v":2000,"d":"2,000"},760,0,0,0,0,0,0,0,0,{"v":2000,"d":"2,000"},760,200,0,"10.0","10.0",0,0,116]
["12400107002","Risperidona, 2 mg, Comprimido oral, Blister","Comprimido",0.48,600,288,0,0,0,0,0,0,0,0,0,0,600,288,220,0,"2.7","2.7",0,0,117]
["12500104006","Salbutamol sulfato, 10 mg/ml, Solución para inhalación, Frasco","Frasco",0,0,0,0,0,0,0,0,0,0,0,0,0,0,0,100,0,"0.0","0.0",200,0,1240]
["12500104005","Salbutamol sulfato, 5 mg/ml, Solución para inhalación, Frasco x 10 ml","Frasco",79,0,0,0,0,0,0,0,0,0,0,0,0,0,0,172,0,"0.0","0.0",344,27176,122]
["12600101001","Sales de rehidratacion oral con citrato , 27.9 g/L, Polvo oral, Sobre","Sobre",7.83,0,0,600,{"v":4698,"d":"4,698"},0,0,200,{"v":1566,"d":"1,566"},0,0,0,0,400,{"v":3132,"d":"3,132"},177,100,"2.3","2.3",0,0,128]
["12400104012","Sertralina, 100 mg, Tableta, Blister","Tableta",3.88,500,{"v":1940,"d":"1,940"},0,0,0,0,0,0,0,0,0,0,500,{"v":1940,"d":"1,940"},267,0,"1.9","1.9",34,131.92,1076]
["12400104007","Sertralina, 50 mg, Tableta, Blister","Tableta",2.91,200,582,{"v":1100,"d":"1,100"},{"v":3201,"d":"3,201"},0,0,100,291,0,0,0,0,{"v":1200,"d":"1,200"},{"v":3492,"d":"3,492"},367,100,"3.3","3.3",0,0,1290]
["10100107001","Sevofluorano, , Solución para inhalación, Frasco  x 250 ml","Frasco",2722.5,22,{"v":59895,"d":"59,895"},4,{"v":10890,"d":"10,890"},0,0,4,{"v":10890,"d":"10,890"},0,0,0,0,22,{"v":59895,"d":"59,895"},5,0,"4.4","4.4",0,0,1]
["11700102004","Sucralfato granulado, 1 g, , Sobre","Sobre",10.73,140,{"v":1502.2,"d":"1,502"},0,0,0,0,50,{"v":536.5,"d":"537"},0,0,0,0,90,{"v":965.7,"d":"966"},38,0,"2.4","2.4",0,0,92]
["11300206003","Sulfadiazina argentica, 0.01, Pomada tópica, Tarro x 400 g","Tarro",353.92,6,{"v":2123.52,"d":"2,124"},2,{"v":707.84,"d":"708"},0,0,2,{"v":707.84,"d":"708"},0,0,0,0,6,{"v":2123.52,"d":"2,124"},2,0,"3.0","3.0",0,0,79]
["10600244005","Sulfametoxazol +trimetoprim (co-trimoxazol), 800 mg + 160 mg, Comprimido oral, Blister","Comprimido",2.14,480,{"v":1027.2,"d":"1,027"},100,214,0,0,{"v":1000,"d":"1,000"},{"v":2140,"d":"2,140"},{"v":2520,"d":"2,520"},{"v":5392.8,"d":"5,393"},0,0,{"v":2100,"d":"2,100"},{"v":4494,"d":"4,494"},{"v":1129,"d":"1,129"},0,"1.9","1.9",158,338.12,457]
["10500006005","Sulfato de magnesio, 0.2, Inyectable, Ampolla x 10 ml","Ampolla",27.5,525,{"v":14437.5,"d":"14,438"},200,{"v":5500,"d":"5,500"},0,0,100,{"v":2750,"d":"2,750"},0,0,0,0,625,{"v":17187.5,"d":"17,188"},130,0,"4.8","4.8",0,0,31]
["11000105003","Sulfato ferroso, 300 mg, Comprimido oral, Blister","Comprimido",0.19,800,152,800,152,0,0,0,0,0,0,0,0,{"v":1600,"d":"1,600"},304,0,0,"00","00",0,0,1147]
["11000106001","Sulfato ferroso+acido folico, 300 mg + 5 mg, Comprimido oral, Blister","Comprimido",0.9,0,0,0,0,0,0,0,0,0,0,0,0,0,0,833,0,"0.0","0.0",{"v":1666,"d":"1,666"},1499.4,65]
["10600418001","Tenofovir + emtricitabina, 300 mg + 200 mg, Comprimido oral, Frasco","Comprimido",0,0,0,0,0,0,0,0,0,0,0,0,0,0,0,83,0,"0.0","0.0",166,0,354]
["10600417001","Tenofovir, 300 mg, Comprimido oral, Frasco x 30 tabletas","Comprimido",0,0,0,6,0,0,0,6,0,0,0,0,0,0,0,19,0,"0.0","0.0",38,0,353]
["10600419004","Tenofovir/emtricitabina/dolutegravir, 25 mg + 200 mg + 50 mg, Tableta, Frasco","Tableta",0,{"v":1080,"d":"1,080"},0,432,0,0,0,432,0,0,0,0,0,{"v":1080,"d":"1,080"},0,621,0,"1.7","1.7",162,0,61]
["10600419003","Tenofovir/lamivudina/efavirenz, 300 mg + 300 mg + 400 mg, Tableta, Frasco","Tableta",0,0,0,0,0,0,0,0,0,0,0,0,0,0,0,43,0,"0.0","0.0",86,0,786]
["12100105001","Tobramicina, 0.3%, Solución oftálmica, Frasco x 10 ml","Frasco",0,0,0,0,0,0,0,0,0,0,0,0,0,0,0,6,0,"0.0","0.0",12,0,1243]
["12100105002","Tobramicina, 0.3%, Solución oftálmica, Frasco x 5 ml","Frasco",60.5,14,847,0,0,0,0,0,0,0,0,0,0,14,847,7,0,"2.0","2.0",0,0,1242]
["10600245001","Vancomicina, 1 g, Polvo para inyección, Vial","Vial",96.56,300,{"v":28968,"d":"28,968"},200,{"v":19312,"d":"19,312"},0,0,50,{"v":4828,"d":"4,828"},0,0,0,0,450,{"v":43452,"d":"43,452"},79,0,"5.7","5.7",0,0,430]
["10600245002","Vancomicina, 500 mg, Polvo para inyección, Vial","Vial",60.68,150,{"v":9102,"d":"9,102"},100,{"v":6068,"d":"6,068"},0,0,0,0,0,0,0,0,250,{"v":15170,"d":"15,170"},110,0,"2.3","2.3",0,0,51]
["11500106002","Yodopovidona (povidona yodada), 0.1, Solución tópica, Frasco x 1 l","Frasco",389.33,17,{"v":6618.61,"d":"6,619"},0,0,0,0,0,0,0,0,0,0,17,{"v":6618.61,"d":"6,619"},12,0,"1.4","1.4",7,2725.31,86]
["11500106004","Yodopovidona (povidona yodada), 0.1, Solución tópica, Galón","Galón",1081.2,8,{"v":8649.6,"d":"8,650"},0,0,0,0,0,0,0,0,0,0,8,{"v":8649.6,"d":"8,650"},2,0,"4.0","4.0",0,0,87]
["20639704001","Agua bidestilada para laboratorio","Galón",213.29,88,{"v":18769.52,"d":"18,770"},0,0,0,0,0,0,0,0,88,{"v":18769.52,"d":"18,770"},0,0,0,0,"0","0",0,0,452]
["21000403002","Aguja raquidea descartable n° 16 g x 3 1/2\"","Empaque",0,0,0,0,0,0,0,0,0,0,0,0,0,0,0,15,0,"0.0","0.0",30,0,397]
["21000403012","Aguja raquidea descartable n° 26 g x 3 1/2\"","Empaque",15.62,50,781,0,0,0,0,0,0,0,0,0,0,50,781,0,0,"00","00",0,0,398]
["21029801001","Algodon absorbentex 1 lb","Unidad",127.4,128,{"v":16307.2,"d":"16,307"},100,{"v":12740,"d":"12,740"},2,{"v":254.8,"d":"255"},20,{"v":2548,"d":"2,548"},3,{"v":382.2,"d":"382"},0,0,209,{"v":26626.6,"d":"26,627"},22,1,"9.5","9.5",0,0,232]
["21029801002","Algodon planchado 4 x 4 rollo","Unidad",10.06,48,{"v":482.88,"d":"483"},36,{"v":362.16,"d":"362"},0,0,36,{"v":362.16,"d":"362"},0,0,0,0,48,{"v":482.88,"d":"483"},32,0,"1.5","1.5",16,160.96,233]
["21029801003","Algodon planchado 6 x 4 rollo","Unidad",13.3,229,{"v":3045.7,"d":"3,046"},0,0,0,0,12,{"v":159.6,"d":"160"},0,0,0,0,217,{"v":2886.1,"d":"2,886"},30,0,"7.2","7.2",0,0,234]
["21029801005","Algodon torunda 0.5 g x 1000 bolitas","Paquete",8.32,200,{"v":1664,"d":"1,664"},0,0,0,0,0,0,0,0,0,0,200,{"v":1664,"d":"1,664"},0,0,"00","00",0,0,235]
["21029801007","Algodon torunda 0.7 g x 1000 bolitas","Paquete",6.59,400,{"v":2636,"d":"2,636"},200,{"v":1318,"d":"1,318"},0,0,0,0,0,0,200,{"v":1318,"d":"1,318"},400,{"v":2636,"d":"2,636"},0,0,"00","00",0,0,1140]
["21601701001","Aplicador de madera","Unidad",311.08,{"v":1954,"d":"1,954"},{"v":607850.32,"d":"607,850"},0,0,0,0,0,0,0,0,{"v":1954,"d":"1,954"},{"v":607850.32,"d":"607,850"},0,0,0,0,"0","0",0,0,257]
["21027701001","Baja lengua madera","Unidad",19.01,{"v":1000,"d":"1,000"},{"v":19010,"d":"19,010"},{"v":1000,"d":"1,000"},{"v":19010,"d":"19,010"},0,0,{"v":2300,"d":"2,300"},{"v":43723,"d":"43,723"},300,{"v":5703,"d":"5,703"},0,0,0,0,{"v":2895,"d":"2,895"},0,"0.0","0.0",{"v":5790,"d":"5,790"},110067.9,226]
["21019101001","Bajante de sangre","Sobre",0,0,0,0,0,0,0,0,0,5,0,0,0,5,0,18,0,"0.3","0.3",31,0,196]
["21038203001","Bajante de suero con control de flujo cuantificable descartable","Sobre",144.73,250,{"v":36182.5,"d":"36,183"},0,0,0,0,0,0,0,0,0,0,250,{"v":36182.5,"d":"36,183"},72,50,"3.5","3.5",0,0,237]
["21038203002","Bajante de suero descartable","Sobre",11.04,{"v":5960,"d":"5,960"},{"v":65798.4,"d":"65,798"},0,0,0,0,525,{"v":5796,"d":"5,796"},0,0,0,0,{"v":5435,"d":"5,435"},{"v":60002.4,"d":"60,002"},343,0,"15.8","15.8",0,0,415]
["21003101001","Bata para examen paciente descartable","Paquete",360.52,30,{"v":10815.6,"d":"10,816"},0,0,0,0,20,{"v":7210.4,"d":"7,210"},0,0,0,0,10,{"v":3605.2,"d":"3,605"},80,0,"0.1","0.1",150,54078,179]
["21003102001","Bata quirurgica esteril descartable","Funda",66.02,290,{"v":19145.8,"d":"19,146"},0,0,0,0,50,{"v":3301,"d":"3,301"},0,0,0,0,240,{"v":15844.8,"d":"15,845"},43,0,"5.6","5.6",0,0,180]
["20903401006","Bisturi con mango 20","Sobre",0,0,0,0,0,0,0,0,0,0,0,0,0,0,0,20,0,"0.0","0.0",40,0,1247]
["21012405001","Bolsa colectora de orina  2 l","Funda",10.89,390,{"v":4247.1,"d":"4,247"},0,0,0,0,0,0,0,0,0,0,390,{"v":4247.1,"d":"4,247"},35,0,"11.1","11.1",0,0,191]
["21012405002","Bolsa colectora de orina 100 ml","Funda",3.1,{"v":1100,"d":"1,100"},{"v":3410,"d":"3,410"},100,310,0,0,100,310,0,0,0,0,{"v":1100,"d":"1,100"},{"v":3410,"d":"3,410"},100,0,"11.0","11.0",0,0,192]
["21012406002","Bolsa colectora de sangre 450 - 500 ml","Funda",125.4,100,{"v":12540,"d":"12,540"},0,0,0,0,0,0,0,0,0,0,100,{"v":12540,"d":"12,540"},2,0,"50.0","11.0",0,0,1173]
["21024901002","Brazalete pediatrico azul","Sobre",1.65,100,165,0,0,0,0,0,0,0,0,0,0,100,165,0,0,"00","00",0,0,766]
["21024901003","Brazalete pediatrico rosado","Sobre",1.43,100,143,0,0,0,0,0,0,0,0,0,0,100,143,0,0,"00","00",0,0,767]
["21029703002","Campo desechable (steri drape) fenestrado","Unidad",8.87,50,{"v":443.5,"d":"444"},200,{"v":1774,"d":"1,774"},0,0,250,{"v":2217.5,"d":"2,218"},0,0,0,0,0,0,147,0,"0.0","0.0",294,2607.78,231]
["20205101022","Canula de succion # 8","Unidad",0,0,0,0,0,0,0,0,0,0,0,0,0,0,0,12,0,"0.0","0.0",24,0,143]
["20205102001","Canula nasal oxigeno  pediatrica","Funda",11.75,555,{"v":6521.25,"d":"6,521"},100,{"v":1175,"d":"1,175"},0,0,25,{"v":293.75,"d":"294"},0,0,0,0,630,{"v":7402.5,"d":"7,403"},57,0,"11.1","11.1",0,0,144]
["20205102003","Canula nasal oxigeno adulto","Funda",19.2,315,{"v":6048,"d":"6,048"},100,{"v":1920,"d":"1,920"},0,0,100,{"v":1920,"d":"1,920"},0,0,0,0,315,{"v":6048,"d":"6,048"},56,0,"5.6","5.6",0,0,145]
["20205102008","Canula nasal oxigeno recien nacido (ram)  n4902","Funda",12.49,205,{"v":2560.45,"d":"2,560"},0,0,0,0,0,0,0,0,0,0,205,{"v":2560.45,"d":"2,560"},25,0,"8.2","8.2",0,0,1168]
["21005101001","Canula yankauer descartable","Sobre",37.4,395,{"v":14773,"d":"14,773"},200,{"v":7480,"d":"7,480"},0,0,70,{"v":2618,"d":"2,618"},0,0,0,0,525,{"v":19635,"d":"19,635"},30,0,"17.5","17.5",0,0,400]
["20205501001","Cateter epidural descartable n° 16","Sobre",0,0,0,0,0,0,0,0,0,0,0,0,0,0,0,10,0,"0.0","0.0",20,0,146]
["20205501002","Cateter epidural descartable n° 17","Sobre",0,0,0,0,0,0,0,0,0,0,0,0,0,0,0,10,0,"0.0","0.0",20,0,147]
["20205501003","Cateter epidural descartable n° 18","Sobre",3.35,300,{"v":1005,"d":"1,005"},0,0,0,0,0,0,0,0,0,0,300,{"v":1005,"d":"1,005"},23,0,"13.0","13.0",0,0,148]
["21005508002","Cateter venoso central  n° 5.0 fr x 13/16 cm","Empaque",1119.82,4,{"v":4479.28,"d":"4,479"},0,0,0,0,0,0,0,0,0,0,4,{"v":4479.28,"d":"4,479"},3,0,"1.3","1.3",2,2239.64,434]
["21005508004","Cateter venoso central doble lumen n° 4.0 fr x 13 cm","Empaque",3065.34,14,{"v":42914.76,"d":"42,915"},6,{"v":18392.04,"d":"18,392"},0,0,5,{"v":15326.7,"d":"15,327"},10,{"v":30653.4,"d":"30,653"},0,0,25,{"v":76633.5,"d":"76,634"},5,0,"5.0","5.0",0,0,435]
["21005508005","Cateter venoso central doble lumen n° 4.0 fr x 5/8/13/16 cm","Empaque",0,0,0,0,0,0,0,0,0,0,0,0,0,0,0,5,0,"0.0","0.0",10,0,401]
["21005508006","Cateter venoso central doble lumen n° 5.0 fr x 13/16 cm","Empaque",1841.16,25,{"v":46029,"d":"46,029"},0,0,0,0,0,0,0,0,0,0,25,{"v":46029,"d":"46,029"},7,0,"3.6","3.6",0,0,402]
["21005508007","Cateter venoso central triple lumen n° 7.0 fr x 16/20/30 cm","Empaque",767.06,41,{"v":31449.46,"d":"31,449"},0,0,0,0,0,0,0,0,0,0,41,{"v":31449.46,"d":"31,449"},5,0,"8.2","4.6",0,0,403]
["21005503003","Cateter venoso periferico (corto) nº 18 g x 2\"","Empaque",8.36,400,{"v":3344,"d":"3,344"},0,0,0,0,0,0,0,0,0,0,400,{"v":3344,"d":"3,344"},117,0,"3.4","3.4",0,0,185]
["21005503004","Cateter venoso periferico (corto) nº 20 g x 1 ¼”","Empaque",10.06,{"v":1650,"d":"1,650"},{"v":16599,"d":"16,599"},0,0,0,0,0,0,0,0,0,0,{"v":1650,"d":"1,650"},{"v":16599,"d":"16,599"},125,0,"13.2","13.2",0,0,186]
["21005503005","Cateter venoso periferico (corto) nº 22 g x 1\"","Empaque",8.09,0,0,{"v":1000,"d":"1,000"},{"v":8090,"d":"8,090"},0,0,800,{"v":6472,"d":"6,472"},0,0,0,0,200,{"v":1618,"d":"1,618"},600,300,"0.3","0.3",{"v":1000,"d":"1,000"},8090,187]
["21005503006","Cateter venoso periferico (corto) nº 24 g x 3/4\"","Empaque",10.22,{"v":2000,"d":"2,000"},{"v":20440,"d":"20,440"},{"v":2000,"d":"2,000"},{"v":20440,"d":"20,440"},0,0,{"v":1200,"d":"1,200"},{"v":12264,"d":"12,264"},0,0,0,0,{"v":2800,"d":"2,800"},{"v":28616,"d":"28,616"},695,100,"4.0","4.0",0,0,188]
["21005701001","Cepillo para muestra cervical de 2 cm con mango de 19 - 20 cm","Empaque",3.7,430,{"v":1591,"d":"1,591"},0,0,0,0,0,0,0,0,0,0,430,{"v":1591,"d":"1,591"},0,0,"00","00",0,0,189]
["21618801001","Cinta de autoclave 19 mm x 50 m","Unidad",81.64,117,{"v":9551.88,"d":"9,552"},0,0,0,0,6,{"v":489.84,"d":"490"},0,0,0,0,111,{"v":9062.04,"d":"9,062"},7,0,"15.9","15.9",0,0,258]
["21047701002","Cinta esterilizacion gas 1\" x 60 yd","Unidad",94.98,20,{"v":1899.6,"d":"1,900"},0,0,0,0,0,0,0,0,0,0,20,{"v":1899.6,"d":"1,900"},6,0,"3.3","3.3",0,0,1202]
["20232902001","Circuito de anestesia adulto","Kit",0,14,0,0,0,0,0,0,0,0,0,0,0,14,0,3,0,"4.7","4.7",0,0,1263]
["20232902002","Circuito de anestesia pediatrico","Kit",205.57,24,{"v":4933.68,"d":"4,934"},0,0,0,0,0,0,0,0,0,0,24,{"v":4933.68,"d":"4,934"},4,0,"6.0","6.0",0,0,1262]
["20232902003","Circuito de ventilacion neonatal","Kit",0,0,0,0,0,0,0,0,0,0,0,0,0,0,0,5,0,"0.0","0.0",10,0,1292]
["21106601002","Collarin reutilizable cervical blando pequeño","Caja",87.13,3,{"v":261.39,"d":"261"},0,0,0,0,0,0,0,0,0,0,3,{"v":261.39,"d":"261"},0,0,"00","00",0,0,1081]
["21007001008","Compresa hemostatica quirurgica","Unidad",158.62,190,{"v":30137.8,"d":"30,138"},0,0,0,0,0,0,0,0,0,0,190,{"v":30137.8,"d":"30,138"},10,10,"19.0","19.0",0,0,1236]
["21007301001","Condon femenino","Unidad",0,0,0,0,0,0,0,0,0,0,0,0,0,0,0,30,0,"0.0","0.0",60,0,1274]
["21007301002","Condon masculino","Unidad",0,0,0,288,0,0,0,288,0,0,0,0,0,0,0,240,0,"0.0","0.0",480,0,190]
["21017602002","Curitas largas","Unidad",90.2,60,{"v":5412,"d":"5,412"},0,0,0,0,0,0,0,0,0,0,60,{"v":5412,"d":"5,412"},52,0,"1.2","1.2",44,3968.8,194]
["20413601001","Electrodo con gel conductor con botón central adulto","Caja",2.23,100,223,{"v":1000,"d":"1,000"},{"v":2230,"d":"2,230"},0,0,500,{"v":1115,"d":"1,115"},50,{"v":111.5,"d":"112"},100,223,550,{"v":1226.5,"d":"1,227"},371,50,"1.5","1.5",192,428.16,393]
["21036001001","Empapador de cama tipo movible descartable","Unidad",8.63,0,0,0,0,0,0,0,0,0,0,0,0,0,0,204,200,"0.0","0.0",408,3521.04,450]
["21038204001","Equipo microgotero con camara graduada 100 ml","Sobre",35.7,390,{"v":13923,"d":"13,923"},300,{"v":10710,"d":"10,710"},0,0,200,{"v":7140,"d":"7,140"},0,0,0,0,490,{"v":17493,"d":"17,493"},226,0,"2.2","2.2",0,0,238]
["21038204002","Equipo microgotero con camara graduada 150 ml","Sobre",37.5,{"v":1760,"d":"1,760"},{"v":66000,"d":"66,000"},100,{"v":3750,"d":"3,750"},0,0,0,0,0,0,0,0,{"v":1860,"d":"1,860"},{"v":69750,"d":"69,750"},20,0,"93.0","45.0",0,0,239]
["21017601004","Esparadrapo base plastica 1\" x 10 yd","Unidad",91.82,60,{"v":5509.2,"d":"5,509"},0,0,0,0,0,0,0,0,0,0,60,{"v":5509.2,"d":"5,509"},0,0,"00","00",0,0,193]
["21017601006","Esparadrapo base seda (z-o) 1 x 10, 2 x 10, 3 x 10 (tubo x 6 unidades, 2 de cada medida)","Caja",121.76,6,{"v":730.56,"d":"731"},60,{"v":7305.6,"d":"7,306"},0,0,86,{"v":10471.36,"d":"10,471"},60,{"v":7305.6,"d":"7,306"},0,0,40,{"v":4870.4,"d":"4,870"},150,104,"0.3","0.3",260,31657.6,404]
["21017901002","Especulo vaginal descartable mediano","Empaque",12.66,352,{"v":4456.32,"d":"4,456"},0,0,0,0,0,0,0,0,0,0,352,{"v":4456.32,"d":"4,456"},50,0,"7.0","7.0",0,0,195]
["20601121001","Estandar (calibrador) humano liofilizado multiparametros, Frasco x 5 ml","Frasco",0,0,0,0,0,0,0,0,0,0,0,0,0,0,0,1,0,"0.0","0.0",2,0,167]
["21022902001","Gasa no esteril 36 \"x 100 yd trama (20 x 12)","Unidad",502.07,218,{"v":109451.26,"d":"109,451"},0,0,0,0,0,0,0,0,0,0,218,{"v":109451.26,"d":"109,451"},6,0,"36.3","36.3",0,0,197]
["20629902002","Gel de sonografía","Galón",1190,2,{"v":2380,"d":"2,380"},0,0,0,0,0,0,0,0,0,0,2,{"v":2380,"d":"2,380"},0,0,"00","00",0,0,171]
["21029702001","Gorro de cirugia descartable para hombre","Unidad",1.31,800,{"v":1048,"d":"1,048"},300,393,0,0,0,0,0,0,0,0,{"v":1100,"d":"1,100"},{"v":1441,"d":"1,441"},360,0,"3.1","3.1",0,0,413]
["21029702002","Gorro de cirugia descartable para mujer","Unidad",0.7,200,140,0,0,0,0,300,210,100,70,0,0,0,0,520,300,"0.0","0.0",{"v":1040,"d":"1,040"},728,230]
["21547901003","Guante de goma nitrilo, Caja x 2000","Caja",2520,{"v":1000,"d":"1,000"},{"v":2520000,"d":"2,520,000"},0,0,0,0,0,0,0,0,0,0,{"v":1000,"d":"1,000"},{"v":2520000,"d":"2,520,000"},0,0,"00","00",0,0,255]
["21023401002","Guante examen de latex con polvo talla large (l)","Unidad",47.75,{"v":69400,"d":"69,400"},{"v":3313850,"d":"3,313,850"},0,0,0,0,{"v":3000,"d":"3,000"},{"v":143250,"d":"143,250"},0,0,0,0,{"v":66400,"d":"66,400"},{"v":3170600,"d":"3,170,600"},{"v":3667,"d":"3,667"},0,"18.1","18.1",0,0,198]
["21023401004","Guante examen de latex con polvo talla medium (m)","Unidad",28.27,{"v":27000,"d":"27,000"},{"v":763290,"d":"763,290"},{"v":20000,"d":"20,000"},{"v":565400,"d":"565,400"},0,0,{"v":12000,"d":"12,000"},{"v":339240,"d":"339,240"},0,0,0,0,{"v":35000,"d":"35,000"},{"v":989450,"d":"989,450"},{"v":12333,"d":"12,333"},0,"2.8","2.8",0,0,199]
["21023401005","Guante examen de latex con polvo talla small (s)","Unidad",1.49,{"v":162000,"d":"162,000"},{"v":241380,"d":"241,380"},0,0,0,0,0,0,0,0,0,0,{"v":162000,"d":"162,000"},{"v":241380,"d":"241,380"},{"v":1500,"d":"1,500"},0,"108.0","31.0",0,0,406]
["21023402001","Guante quirurgico de latex con polvo n° 6 1/2 (par)","Empaque",0,0,0,0,0,0,0,0,0,0,0,0,0,0,0,100,0,"0.0","0.0",200,0,407]
["21023402002","Guante quirurgico de latex con polvo n° 7 (par)","Empaque",14.66,250,{"v":3665,"d":"3,665"},0,0,0,0,0,0,0,0,0,0,250,{"v":3665,"d":"3,665"},167,0,"1.5","1.5",84,1231.44,200]
["21023402003","Guante quirurgico de latex con polvo n° 7 1/2 (par)","Empaque",13.38,550,{"v":7359,"d":"7,359"},0,0,0,0,0,0,0,0,0,0,550,{"v":7359,"d":"7,359"},110,0,"5.0","5.0",0,0,201]
["21023402004","Guante quirurgico de latex con polvo n° 8 (par)","Empaque",8.07,{"v":2750,"d":"2,750"},{"v":22192.5,"d":"22,193"},0,0,0,0,0,0,0,0,0,0,{"v":2750,"d":"2,750"},{"v":22192.5,"d":"22,193"},100,0,"27.5","8.6",0,0,408]
["21023402005","Guante quirurgico de latex con polvo n° 8 1/2 (par)","Empaque",11.66,600,{"v":6996,"d":"6,996"},0,0,0,0,0,0,0,0,0,0,600,{"v":6996,"d":"6,996"},0,0,"00","00",0,0,202]
["21003401003","Hoja bisturi descartable n° 11","Sobre",0,0,0,0,0,0,0,0,0,0,0,0,0,0,0,78,0,"0.0","0.0",156,0,399]
["21003401005","Hoja bisturi descartable n° 15","Sobre",3.89,0,0,0,0,0,0,0,0,0,0,0,0,0,0,100,0,"0.0","0.0",200,778,181]
["21003401006","Hoja bisturi descartable n° 20","Sobre",184.8,0,0,0,0,0,0,0,0,0,0,0,0,0,0,50,0,"0.0","0.0",100,18480,182]
["21003401007","Hoja bisturi descartable n° 21","Sobre",1.52,0,0,0,0,0,0,0,0,0,0,0,0,0,0,167,0,"0.0","0.0",334,507.68,183]
["21003401008","Hoja bisturi descartable n° 22","Sobre",1.74,300,522,0,0,0,0,200,348,0,0,0,0,100,174,150,0,"0.7","0.7",200,348,184]
["20235501001","Humidificador de oxigeno","Funda",62.23,370,{"v":23025.1,"d":"23,025"},50,{"v":3111.5,"d":"3,112"},0,0,0,0,0,0,0,0,420,{"v":26136.6,"d":"26,137"},41,0,"10.2","10.2",0,0,153]
["21026105001","Jeringa descartable 1 ml con aguja  29 g x 1/2\"","Sobre",0,500,0,0,0,0,0,0,0,0,0,0,0,500,0,0,0,"00","00",0,0,1322]
["21026105013","Jeringa descartable 1 ml con aguja 22 g x 1\" autobloqueante","Sobre",0,20,0,0,0,0,0,0,0,0,0,0,0,20,0,20,0,"1.0","1.0",20,0,1303]
["21026105003","Jeringa descartable 1 ml con aguja 25 g x 5/8\"","Sobre",0,600,0,0,0,0,0,0,0,0,0,0,0,600,0,0,0,"00","00",0,0,1324]
["21026105005","Jeringa descartable 1 ml con aguja 27 g x 1/2\"","Sobre",0,{"v":2000,"d":"2,000"},0,0,0,0,0,0,0,0,0,0,0,{"v":2000,"d":"2,000"},0,200,0,"10.0","10.0",0,0,1321]
["21026105006","Jeringa descartable 10 ml con aguja 21 g x 1 1/2\"","Sobre",2.17,100,217,{"v":3000,"d":"3,000"},{"v":6510,"d":"6,510"},0,0,{"v":2900,"d":"2,900"},{"v":6293,"d":"6,293"},0,0,100,217,100,217,{"v":3075,"d":"3,075"},{"v":1600,"d":"1,600"},"0.0","0.0",{"v":6050,"d":"6,050"},13128.5,222]
["21026105007","Jeringa descartable 20 ml con aguja  21 g x 1 1/2\"","Sobre",3.65,{"v":1100,"d":"1,100"},{"v":4015,"d":"4,015"},{"v":1000,"d":"1,000"},{"v":3650,"d":"3,650"},0,0,850,{"v":3102.5,"d":"3,103"},0,0,0,0,{"v":1250,"d":"1,250"},{"v":4562.5,"d":"4,563"},436,200,"2.9","2.9",0,0,223]
["21026105008","Jeringa descartable 3 ml con aguja  23 g x 1 1/2\"","Sobre",0,{"v":1700,"d":"1,700"},0,0,0,0,0,600,0,0,0,0,0,{"v":1100,"d":"1,100"},0,{"v":1040,"d":"1,040"},0,"1.1","1.1",980,0,1320]
["21026105009","Jeringa descartable 3 ml con aguja 21 g x 1 1/2\"","Sobre",1.48,{"v":20900,"d":"20,900"},{"v":30932,"d":"30,932"},{"v":5000,"d":"5,000"},{"v":7400,"d":"7,400"},0,0,{"v":2000,"d":"2,000"},{"v":2960,"d":"2,960"},0,0,0,0,{"v":23900,"d":"23,900"},{"v":35372,"d":"35,372"},{"v":2000,"d":"2,000"},300,"12.0","12.0",0,0,224]
["21026105011","Jeringa descartable 5 ml con aguja 21 g x 1 1/2\"","Sobre",1.65,{"v":3200,"d":"3,200"},{"v":5280,"d":"5,280"},{"v":4000,"d":"4,000"},{"v":6600,"d":"6,600"},0,0,{"v":1700,"d":"1,700"},{"v":2805,"d":"2,805"},0,0,{"v":2800,"d":"2,800"},{"v":4620,"d":"4,620"},{"v":2700,"d":"2,700"},{"v":4455,"d":"4,455"},{"v":1800,"d":"1,800"},700,"1.5","1.5",900,1485,225]
["21026105012","Jeringa descartable 50 ml con aguja 16 g","Sobre",10.09,125,{"v":1261.25,"d":"1,261"},0,0,0,0,0,0,0,0,0,0,125,{"v":1261.25,"d":"1,261"},38,0,"3.3","3.3",0,0,1326]
["21026102001","Jeringa descartable 50 ml de bulbo sin aguja","Sobre",12.92,500,{"v":6460,"d":"6,460"},50,646,0,0,0,0,0,0,0,0,550,{"v":7106,"d":"7,106"},0,0,"00","00",0,0,221]
["21026101001","Jeringa descartable de insulina 1 ml con aguja  27 g x  1/2\"","Sobre",1.49,0,0,0,0,0,0,100,149,100,149,0,0,0,0,263,300,"0.0","0.0",526,783.74,220]
["20629901001","Lanceta descartable","Unidad",76.14,2,{"v":152.28,"d":"152"},2,{"v":152.28,"d":"152"},0,0,0,0,0,0,0,0,4,{"v":304.56,"d":"305"},100,0,"0.0","0.0",196,14923.44,686]
["20413401001","Lapiz para electro cauterio","Empaque",54.94,800,{"v":43952,"d":"43,952"},100,{"v":5494,"d":"5,494"},0,0,25,{"v":1373.5,"d":"1,374"},0,0,0,0,875,{"v":48072.5,"d":"48,073"},29,0,"30.2","29.0",0,0,392]
["21038202002","Llave de paso de tres vias descartable","Sobre",12.38,0,0,0,0,0,0,0,0,0,0,0,0,0,0,33,0,"0.0","0.0",66,817.08,236]
["20229601001","Mascarilla de oxigeno adulto","Funda",21.46,318,{"v":6824.28,"d":"6,824"},0,0,0,0,0,0,0,0,0,0,318,{"v":6824.28,"d":"6,824"},34,0,"9.4","9.4",0,0,480]
["20229603001","Mascarilla de oxigeno con bolsa de reservorio pediatrica","Kit",27.19,562,{"v":15280.78,"d":"15,281"},0,0,0,0,25,{"v":679.75,"d":"680"},0,0,0,0,537,{"v":14601.03,"d":"14,601"},37,0,"14.5","14.5",0,0,622]
["20229603002","Mascarilla de oxigeno con bolsa reservorio adulto","Kit",89.9,310,{"v":27869,"d":"27,869"},0,0,0,0,25,{"v":2247.5,"d":"2,248"},0,0,0,0,285,{"v":25621.5,"d":"25,622"},18,0,"15.8","8.0",0,0,152]
["20229601002","Mascarilla de oxigeno neonatal","Funda",30.77,28,{"v":861.56,"d":"862"},0,0,0,0,0,0,0,0,0,0,28,{"v":861.56,"d":"862"},22,0,"1.3","1.3",16,492.32,1170]
["20229601003","Mascarilla de oxigeno pediatrica","Funda",20.82,{"v":3100,"d":"3,100"},{"v":64542,"d":"64,542"},0,0,0,0,0,0,0,0,0,0,{"v":3100,"d":"3,100"},{"v":64542,"d":"64,542"},48,0,"64.6","49.0",0,0,388]
["21029601002","Mascarilla descartable n95","Unidad",23.1,842,{"v":19450.2,"d":"19,450"},0,0,0,0,250,{"v":5775,"d":"5,775"},0,0,0,0,592,{"v":13675.2,"d":"13,675"},121,0,"4.9","4.9",0,0,228]
["20229602001","Mascarilla para nebulizacion adulto (kit)","Kit",27,235,{"v":6345,"d":"6,345"},500,{"v":13500,"d":"13,500"},0,0,400,{"v":10800,"d":"10,800"},0,0,0,0,335,{"v":9045,"d":"9,045"},333,100,"1.0","1.0",331,8937,150]
["20229602002","Mascarilla para nebulizacion pediatrico (kit)","Kit",23.06,0,0,0,0,0,0,0,0,0,0,0,0,0,0,529,500,"0.0","0.0",{"v":1058,"d":"1,058"},24397.48,151]
["21029601001","Mascarilla quirurgica descartable","Unidad",5.3,{"v":53950,"d":"53,950"},{"v":285935,"d":"285,935"},0,0,0,0,{"v":2650,"d":"2,650"},{"v":14045,"d":"14,045"},0,0,0,0,{"v":51300,"d":"51,300"},{"v":271890,"d":"271,890"},{"v":2546,"d":"2,546"},0,"20.1","16.0",0,0,227]
["20534602001","Orinal para hombre","Unidad",50.31,34,{"v":1710.54,"d":"1,711"},0,0,0,0,0,0,0,0,0,0,34,{"v":1710.54,"d":"1,711"},4,0,"8.5","8.5",0,0,718]
["21047902001","Pañal descartable para adulto (l)","Unidad",34.67,110,{"v":3813.7,"d":"3,814"},0,0,20,{"v":693.4,"d":"693"},20,{"v":693.4,"d":"693"},0,0,0,0,70,{"v":2426.9,"d":"2,427"},23,0,"3.0","3.0",0,0,420]
["21047902002","Pañal descartable para adulto (m)","Unidad",29.96,30,{"v":898.8,"d":"899"},0,0,0,0,20,{"v":599.2,"d":"599"},0,0,0,0,10,{"v":299.6,"d":"300"},19,0,"0.5","0.5",28,838.88,1180]
["21047901001","Pañal descartable para neonato","Unidad",0,40,0,0,0,0,0,0,0,0,0,0,0,40,0,20,0,"2.0","2.0",0,0,1182]
["21047901002","Pañal descartable para niños (l)","Unidad",9.14,84,{"v":767.76,"d":"768"},0,0,0,0,0,0,0,0,0,0,84,{"v":767.76,"d":"768"},25,0,"3.4","3.4",0,0,1183]
["21047901003","Pañal descartable para niños (m)","Unidad",8.12,734,{"v":5960.08,"d":"5,960"},0,0,0,0,18,{"v":146.16,"d":"146"},0,0,0,0,716,{"v":5813.92,"d":"5,814"},23,0,"31.1","22.0",0,0,1184]
["21047901004","Pañal descartable para niños (s)","Unidad",7.3,316,{"v":2306.8,"d":"2,307"},0,0,0,0,22,{"v":160.6,"d":"161"},0,0,0,0,294,{"v":2146.2,"d":"2,146"},38,0,"7.7","7.7",0,0,1185]
["20436106001","Papel de sonografia 110 mm x 20  m","Unidad",322.78,70,{"v":22594.6,"d":"22,595"},0,0,0,0,0,0,0,0,0,0,70,{"v":22594.6,"d":"22,595"},0,0,"00","00",0,0,448]
["20436102002","Papel ekg 80mm por 20mm","Unidad",600.05,0,0,0,0,0,0,0,0,0,0,0,0,0,0,20,0,"0.0","0.0",40,24002,395]
["21029701001","Papel para camilla (20 \" x 50 yda)","Unidad",96.78,0,0,710,{"v":68713.8,"d":"68,714"},0,0,321,{"v":31066.38,"d":"31,066"},0,0,0,0,389,{"v":37647.42,"d":"37,647"},220,25,"1.8","1.8",51,4935.78,229]
["20436102006","Papel sonografico upp 110s sony 110mm po 20 mm","Unidad",836.8,0,0,0,0,0,0,0,0,0,0,0,0,0,0,10,0,"0.0","0.0",20,16736,396]
["20534601001","Pato para mujer","Unidad",73.54,0,0,0,0,0,0,0,0,0,0,0,0,0,0,3,0,"0.0","0.0",6,441.24,1152]
["21000405002","Pericraneal n° 21","Sobre",4.05,600,{"v":2430,"d":"2,430"},300,{"v":1215,"d":"1,215"},0,0,0,0,0,0,0,0,900,{"v":3645,"d":"3,645"},225,0,"4.0","4.0",0,0,177]
["21000405003","Pericraneal n° 23","Sobre",2.24,800,{"v":1792,"d":"1,792"},300,672,0,0,700,{"v":1568,"d":"1,568"},0,0,0,0,400,896,343,0,"1.2","1.2",286,640.64,453]
["21000405004","Pericraneal n° 25","Sobre",2.68,{"v":1000,"d":"1,000"},{"v":2680,"d":"2,680"},200,536,0,0,500,{"v":1340,"d":"1,340"},0,0,0,0,700,{"v":1876,"d":"1,876"},382,0,"1.8","1.8",64,171.52,178]
["20942901001","Perita nasal","Caja",18.42,313,{"v":5765.46,"d":"5,765"},100,{"v":1842,"d":"1,842"},0,0,140,{"v":2578.8,"d":"2,579"},0,0,0,0,273,{"v":5028.66,"d":"5,029"},68,0,"4.0","4.0",0,0,174]
["20413602001","Placa para electro cauterio","Empaque",151.31,441,{"v":66727.71,"d":"66,728"},200,{"v":30262,"d":"30,262"},0,0,0,0,0,0,0,0,641,{"v":96989.71,"d":"96,990"},14,0,"45.8","16.6",0,0,394]
["20639714002","Prueba confirmatoria","Frasco",0,4,0,0,0,0,0,0,0,0,0,0,0,4,0,0,0,"00","00",0,0,173]
["20639714001","Prueba tamizaje","Frasco",0,13,0,0,0,0,0,0,0,0,0,0,0,13,0,0,0,"00","00",0,0,172]
["20239801001","Resucitador manual adulto","Caja",306.94,6,{"v":1841.64,"d":"1,842"},0,0,0,0,0,0,0,0,0,0,6,{"v":1841.64,"d":"1,842"},2,0,"3.0","3.0",0,0,154]
["20239801002","Resucitador manual neonatal","Caja",311,8,{"v":2488,"d":"2,488"},0,0,0,0,0,0,0,0,0,0,8,{"v":2488,"d":"2,488"},3,0,"2.7","2.7",0,0,567]
["20239801003","Resucitador manual pediatrico","Caja",301.25,2,{"v":602.5,"d":"603"},0,0,0,0,2,{"v":602.5,"d":"603"},0,0,0,0,0,0,4,0,"0.0","0.0",8,2410,566]
["20540002001","Riñonera plastica","Unidad",0,28,0,0,0,0,0,0,0,0,0,0,0,28,0,0,0,"00","00",0,0,1332]
["21012409001","Sello de agua","Unidad",704,0,0,0,0,0,0,0,0,0,0,0,0,0,0,3,4,"0.0","0.0",6,4224,509]
["21042603001","Sonda alimentacion nasoduodenal n° 10","Funda",1595,87,{"v":138765,"d":"138,765"},10,{"v":15950,"d":"15,950"},0,0,0,0,0,0,0,0,97,{"v":154715,"d":"154,715"},20,0,"4.9","4.9",0,0,1269]
["21042603002","Sonda alimentacion nasoduodenal n° 12","Funda",1754.5,50,{"v":87725,"d":"87,725"},0,0,0,0,0,0,0,0,0,0,50,{"v":87725,"d":"87,725"},20,0,"2.5","2.5",0,0,711]
["21042606004","Sonda aspiracion o succion esteril n° 16","Funda",6,0,0,0,0,0,0,0,0,0,0,0,0,0,0,20,0,"0.0","0.0",40,240,712]
["21042604001","Sonda de alimentacion nasogastrica tipo levin n° 10 fr (levin)","Funda",66.76,0,0,0,0,0,0,0,0,0,0,0,0,0,0,15,20,"0.0","0.0",30,2002.8,245]
["21042604002","Sonda de alimentacion nasogastrica tipo levin n° 12 fr (levin)","Funda",391.5,182,{"v":71253,"d":"71,253"},0,0,0,0,20,{"v":7830,"d":"7,830"},0,0,0,0,162,{"v":63423,"d":"63,423"},13,0,"12.5","1.4",0,0,246]
["21042604003","Sonda de alimentacion nasogastrica tipo levin n° 14 fr (levin)","Funda",19.53,30,{"v":585.9,"d":"586"},0,0,0,0,0,0,0,0,0,0,30,{"v":585.9,"d":"586"},12,10,"2.5","2.5",0,0,247]
["21042604004","Sonda de alimentacion nasogastrica tipo levin n° 16 fr (levin)","Funda",7.44,229,{"v":1703.76,"d":"1,704"},0,0,0,0,0,0,0,0,0,0,229,{"v":1703.76,"d":"1,704"},25,0,"9.2","9.2",0,0,713]
["21042604005","Sonda de alimentacion nasogastrica tipo levin n° 18 fr (levin)","Funda",6.96,43,{"v":299.28,"d":"299"},0,0,0,0,0,0,0,0,0,0,43,{"v":299.28,"d":"299"},0,0,"00","00",0,0,714]
["21042604007","Sonda de alimentacion nasogastrica tipo levin n° 5 fr","Funda",5.83,64,{"v":373.12,"d":"373"},0,0,0,0,0,0,0,0,0,0,64,{"v":373.12,"d":"373"},10,0,"6.4","6.4",0,0,248]
["21042604008","Sonda de alimentacion nasogastrica tipo levin n° 6 fr (levin)","Funda",5.3,606,{"v":3211.8,"d":"3,212"},0,0,0,0,0,0,0,0,0,0,606,{"v":3211.8,"d":"3,212"},150,0,"4.0","4.0",0,0,1246]
["21042604009","Sonda de alimentacion nasogastrica tipo levin n° 8 fr (levin)","Funda",5.3,200,{"v":1060,"d":"1,060"},0,0,0,0,10,53,0,0,0,0,190,{"v":1007,"d":"1,007"},60,0,"3.2","3.2",0,0,249]
["21042604011","Sonda nutricion enteral n° 10","Funda",2090.05,0,0,0,0,0,0,10,{"v":20900.5,"d":"20,901"},60,{"v":125403,"d":"125,403"},0,0,50,{"v":104502.5,"d":"104,503"},7,0,"7.1","7.1",0,0,1255]
["21042604012","Sonda nutricion enteral n° 8","Funda",2585.11,0,0,0,0,0,0,0,0,0,0,0,0,0,0,12,0,"0.0","0.0",24,62042.64,1256]
["21042602001","Sonda vesical tipo foley 2 vias n° 10","Funda",51.41,46,{"v":2364.86,"d":"2,365"},0,0,0,0,0,0,0,0,0,0,46,{"v":2364.86,"d":"2,365"},7,0,"6.6","6.6",0,0,240]
["21042602002","Sonda vesical tipo foley 2 vias n° 12","Funda",49.86,32,{"v":1595.52,"d":"1,596"},0,0,0,0,0,0,0,0,0,0,32,{"v":1595.52,"d":"1,596"},8,0,"4.0","4.0",0,0,241]
["21042602003","Sonda vesical tipo foley 2 vias n° 14","Funda",26.35,70,{"v":1844.5,"d":"1,845"},0,0,0,0,0,0,0,0,0,0,70,{"v":1844.5,"d":"1,845"},10,0,"7.0","7.0",0,0,242]
["21042602004","Sonda vesical tipo foley 2 vias n° 16","Funda",32.21,40,{"v":1288.4,"d":"1,288"},0,0,0,0,0,0,0,0,0,0,40,{"v":1288.4,"d":"1,288"},0,0,"00","00",0,0,243]
["21042602005","Sonda vesical tipo foley 2 vias n° 18","Funda",18.56,24,{"v":445.44,"d":"445"},0,0,0,0,0,0,0,0,0,0,24,{"v":445.44,"d":"445"},10,0,"2.4","2.4",0,0,416]
["21042602007","Sonda vesical tipo foley 2 vias n° 22","Funda",65.75,10,{"v":657.5,"d":"658"},0,0,0,0,0,0,0,0,0,0,10,{"v":657.5,"d":"658"},0,0,"00","00",0,0,1318]
["21042602009","Sonda vesical tipo foley 2 vias n° 8","Funda",80.46,0,0,0,0,0,0,20,{"v":1609.2,"d":"1,609"},30,{"v":2413.8,"d":"2,414"},0,0,10,{"v":804.6,"d":"805"},12,0,"0.8","0.8",14,1126.44,244]
["21024102003","Sutura antimicrobiana de poliglactina trenzado 0 con aguja curva roma 1/2 de 22 mm x 70 cm","Sobre",77,288,{"v":22176,"d":"22,176"},0,0,0,0,0,0,0,0,192,{"v":14784,"d":"14,784"},96,{"v":7392,"d":"7,392"},0,0,"00","00",0,0,610]
["21024102004","Sutura antimicrobiana de poliglactina trenzado 1 con aguja curva cortante 1/2 de 26 mm x 70 cm","Sobre",68.2,72,{"v":4910.4,"d":"4,910"},72,{"v":4910.4,"d":"4,910"},0,0,0,0,0,0,0,0,144,{"v":9820.8,"d":"9,821"},0,0,"00","00",0,0,1351]
["21024102006","Sutura antimicrobiana de poliglactina trenzado 2-0 con aguja curva cortante 1/2 de 27 mm x 70 cm","Sobre",51.33,96,{"v":4927.68,"d":"4,928"},72,{"v":3695.76,"d":"3,696"},0,0,0,0,0,0,168,{"v":8623.44,"d":"8,623"},0,0,36,0,"0.0","0.0",72,3695.76,1258]
["21024102001","Sutura antimicrobiana de poliglactina trenzado 3-0 con aguja curva roma 1/2 de 13 mm x 70 cm (peritoneo)","Sobre",74.8,0,0,30,{"v":2244,"d":"2,244"},0,0,0,0,0,0,6,{"v":448.8,"d":"449"},24,{"v":1795.2,"d":"1,795"},0,0,"00","00",0,0,1357]
["21024102002","Sutura antimicrobiana de poliglactina trenzado 3-0 con aguja curva roma 1/2 de 26 mm x 70 cm","Sobre",121.28,{"v":1620,"d":"1,620"},{"v":196473.6,"d":"196,474"},0,0,0,0,0,0,0,0,{"v":1572,"d":"1,572"},{"v":190652.16,"d":"190,652"},48,{"v":5821.44,"d":"5,821"},0,0,"00","00",0,0,203]
["21024102010","Sutura antimicrobiana de poliglactina trenzado 4-0 con aguja curva cortante 3/8 de 19 mm x 45 cm","Sobre",63.48,24,{"v":1523.52,"d":"1,524"},24,{"v":1523.52,"d":"1,524"},0,0,0,0,0,0,24,{"v":1523.52,"d":"1,524"},24,{"v":1523.52,"d":"1,524"},0,0,"00","00",0,0,1352]
["21024102012","Sutura antimicrobiana de poliglactina trenzado 4-0 con aguja curva roma 1/2 de 26 mm x 70 cm","Sobre",72.6,0,0,24,{"v":1742.4,"d":"1,742"},0,0,0,0,0,0,24,{"v":1742.4,"d":"1,742"},0,0,48,0,"0.0","0.0",96,6969.6,204]
["21024102015","Sutura antimicrobiana de poliglactina trenzado 6-0 con aguja curva cortante 3/8 de 13 mm x 45 cm","Sobre",69.37,24,{"v":1664.88,"d":"1,665"},24,{"v":1664.88,"d":"1,665"},0,0,0,0,0,0,0,0,48,{"v":3329.76,"d":"3,330"},0,0,"00","00",0,0,1353]
["21024104003","Sutura de acido poliglicolico 1-0 con  aguja curva roma 1/2 de 35 mm x 75 cm","Sobre",43.99,24,{"v":1055.76,"d":"1,056"},0,0,0,0,0,0,0,0,0,0,24,{"v":1055.76,"d":"1,056"},0,0,"00","00",0,0,1355]
["21024104002","Sutura de acido poliglicolico 2-0 con  aguja curva cortante 3/8 de 24 mm x 75 cm","Sobre",60.5,24,{"v":1452,"d":"1,452"},0,0,0,0,0,0,0,0,24,{"v":1452,"d":"1,452"},0,0,0,0,"0","0",0,0,438]
["21024104008","Sutura de acido poliglicolico 3-0 con aguja curva roma 1/2 de 26 mm x 75 cm","Sobre",46.32,24,{"v":1111.68,"d":"1,112"},0,0,0,0,0,0,0,0,0,0,24,{"v":1111.68,"d":"1,112"},0,0,"00","00",0,0,1349]
["21024105010","Sutura de catgut cromado 0 con aguja curva roma 1/2 de 25 mm x 70 mm","Sobre",36.56,288,{"v":10529.28,"d":"10,529"},0,0,0,0,0,0,0,0,288,{"v":10529.28,"d":"10,529"},0,0,0,0,"0","0",0,0,1319]
["21024105004","Sutura de catgut cromado 2-0 con aguja curva roma 1/2 de 36.4 mm x 70 cm","Sobre",47.29,192,{"v":9079.68,"d":"9,080"},0,0,0,0,0,0,0,0,192,{"v":9079.68,"d":"9,080"},0,0,24,0,"0.0","0.0",48,2269.92,209]
["21024105006","Sutura de catgut cromado 3-0 con aguja curva roma 1/2  de 25 mm x 70 cm","Sobre",69.65,72,{"v":5014.8,"d":"5,015"},0,0,0,0,24,{"v":1671.6,"d":"1,672"},0,0,48,{"v":3343.2,"d":"3,343"},0,0,40,0,"0.0","0.0",80,5572,210]
["21024105007","Sutura de catgut cromado 4-0 con aguja curva roma 1/2 de 25 mm x 70 cm","Sobre",34.9,192,{"v":6700.8,"d":"6,701"},0,0,0,0,0,0,0,0,0,0,192,{"v":6700.8,"d":"6,701"},24,0,"8.0","8.0",0,0,211]
["21024106003","Sutura de nailon monofilamento 2-0 con aguja curva cortante 3/8 de 18.7 mm x 75 cm","Sobre",24.04,0,0,0,0,0,0,0,0,0,0,0,0,0,0,24,0,"0.0","0.0",48,1153.92,212]
["21024106004","Sutura de nailon monofilamento 2-0 con aguja curva cortante 3/8 de 26 mm x 45 cm (tendones)","Sobre",22.55,48,{"v":1082.4,"d":"1,082"},0,0,0,0,0,0,0,0,48,{"v":1082.4,"d":"1,082"},0,0,0,0,"0","0",0,0,1341]
["21024106005","Sutura de nailon monofilamento 2-0 con aguja curva cortante 3/8 de 63 mm x 45 cm","Sobre",39.72,264,{"v":10486.08,"d":"10,486"},0,0,0,0,0,0,0,0,264,{"v":10486.08,"d":"10,486"},0,0,36,0,"0.0","0.0",72,2859.84,609]
["21024106006","Sutura de nailon monofilamento 3-0  con aguja curva cortante 3/8 de 24.3 mm x 45 cm","Sobre",76.62,480,{"v":36777.6,"d":"36,778"},0,0,0,0,24,{"v":1838.88,"d":"1,839"},0,0,456,{"v":34938.72,"d":"34,939"},0,0,57,72,"0.0","0.0",114,8734.68,608]
["21024106007","Sutura de nailon monofilamento 3-0 con aguja curva cortante 3/8 de 19 mm x 45 cm (piel)","Sobre",0,0,0,0,0,0,0,48,0,168,0,0,0,120,0,96,48,"1.3","1.3",72,0,1361]
["21024106012","Sutura de nailon monofilamento 4-0 con aguja curva cortante 3/8 de 13 mm x 45 cm (tendones)","Sobre",27.14,770,{"v":20897.8,"d":"20,898"},0,0,0,0,24,{"v":651.36,"d":"651"},0,0,746,{"v":20246.44,"d":"20,246"},0,0,38,24,"0.0","0.0",76,2062.64,409]
["21024106013","Sutura de nailon monofilamento 4-0 con aguja curva cortante 3/8 de 20 mm x 45 cm (piel)","Sobre",29.4,240,{"v":7056,"d":"7,056"},0,0,0,0,0,0,0,0,240,{"v":7056,"d":"7,056"},0,0,29,0,"0.0","0.0",58,1705.2,213]
["21024106014","Sutura de nailon monofilamento 5-0 con aguja curva cortante 3/8 de 13 mm x 45 cm (tendones)","Sobre",451.97,12,{"v":5423.64,"d":"5,424"},0,0,0,0,0,0,0,0,12,{"v":5423.64,"d":"5,424"},0,0,36,48,"0.0","0.0",72,32541.84,410]
["21024106016","Sutura de nailon monofilamento 5-0 con aguja curva cortante 3/8 de 20 mm x 45 cm (piel)","Sobre",48.94,108,{"v":5285.52,"d":"5,286"},0,0,0,0,0,0,0,0,108,{"v":5285.52,"d":"5,286"},0,0,24,0,"0.0","0.0",48,2349.12,411]
["21024106017","Sutura de nailon monofilamento 6-0 con aguja curva cortante 3/8 de 13 mm x 45 cm (piel)","Sobre",31.35,144,{"v":4514.4,"d":"4,514"},0,0,0,0,0,0,0,0,0,0,144,{"v":4514.4,"d":"4,514"},0,0,"00","00",0,0,214]
["21024108003","Sutura de polipropileno 1 con aguja curva roma 1/2 de 36 mm x 75 cm (fascia)","Sobre",43.09,0,0,24,{"v":1034.16,"d":"1,034"},0,0,0,0,0,0,0,0,24,{"v":1034.16,"d":"1,034"},0,0,"00","00",0,0,1359]
["21024108004","Sutura de polipropileno 2-0  con aguja curva cortante 3/8 de 26 mm x 45 cm","Sobre",1850,96,{"v":177600,"d":"177,600"},0,0,0,0,0,0,0,0,96,{"v":177600,"d":"177,600"},0,0,0,0,"0","0",0,0,611]
["21024108005","Sutura de polipropileno 2-0 con aguja curva roma 1/2 de 26 mm x 75 cm (gastrointestinal/fascia)","Sobre",52.29,96,{"v":5019.84,"d":"5,020"},24,{"v":1254.96,"d":"1,255"},0,0,0,0,0,0,0,0,120,{"v":6274.8,"d":"6,275"},24,0,"5.0","5.0",0,0,412]
["21024108008","Sutura de polipropileno 3-0 con aguja curva roma 1/2 de 26 mm x 75 cm (gastrointestinal/fascia)","Sobre",46.32,0,0,24,{"v":1111.68,"d":"1,112"},0,0,0,0,0,0,0,0,24,{"v":1111.68,"d":"1,112"},0,0,"00","00",0,0,1356]
["21024108010","Sutura de polipropileno 4-0 con aguja curva roma 1/2 de 17 mm x 75 cm","Sobre",42.11,48,{"v":2021.28,"d":"2,021"},0,0,0,0,0,0,0,0,0,0,48,{"v":2021.28,"d":"2,021"},0,0,"00","00",0,0,1014]
["21024110002","Sutura de seda esteril 0 con aguja curva roma 1/2 de 26 mm x 75 cm","Sobre",36.75,768,{"v":28224,"d":"28,224"},0,0,0,0,0,0,0,0,768,{"v":28224,"d":"28,224"},0,0,0,0,"0","0",0,0,215]
["21024110003","Sutura de seda esteril 1-0 con aguja curva roma 1/2 de 26 mm x 75 cm (conductos y vasos)","Sobre",35.59,180,{"v":6406.2,"d":"6,406"},0,0,0,0,0,0,0,0,180,{"v":6406.2,"d":"6,406"},0,0,0,0,"0","0",0,0,784]
["21024110004","Sutura de seda esteril 2-0 con aguja curva cortante de 3/8 de 26 mm x 45 cm","Sobre",26.4,84,{"v":2217.6,"d":"2,218"},0,0,0,0,0,0,0,0,84,{"v":2217.6,"d":"2,218"},0,0,36,0,"0.0","0.0",72,1900.8,1345]
["21024110013","Sutura de seda esteril 2-0 con aguja curva cortante de 3/8 de 26 mm x 75 cm","Sobre",36.73,144,{"v":5289.12,"d":"5,289"},0,0,0,0,0,0,0,0,144,{"v":5289.12,"d":"5,289"},0,0,60,0,"0.0","0.0",120,4407.6,613]
["21024110006","Sutura de seda esteril 2-0 con aguja curva roma 1/2 de 25 mm x 75 cm","Sobre",27.49,24,{"v":659.76,"d":"660"},24,{"v":659.76,"d":"660"},0,0,0,0,0,0,48,{"v":1319.52,"d":"1,320"},0,0,0,0,"0","0",0,0,1350]
["21024110009","Sutura de seda esteril 3-0 con aguja curva roma 1/2 de 22 mm x 75 cm (gastrointestinal)","Sobre",39.73,408,{"v":16209.84,"d":"16,210"},0,0,0,0,0,0,0,0,192,{"v":7628.16,"d":"7,628"},216,{"v":8581.68,"d":"8,582"},0,0,"00","00",0,0,216]
["21024110011","Sutura de seda esteril 4-0 con aguja curva roma 1/2 de 26 mm x 75 cm(conductos y vasos)","Sobre",31.08,120,{"v":3729.6,"d":"3,730"},0,0,0,0,0,0,0,0,0,0,120,{"v":3729.6,"d":"3,730"},0,0,"00","00",0,0,218]
["21024110012","Sutura de seda esteril 5-0 con aguja curva-roma 1/2 de 17 mm x 75 cm (conductos y vasos)","Sobre",35.93,144,{"v":5173.92,"d":"5,174"},0,0,0,0,0,0,0,0,0,0,144,{"v":5173.92,"d":"5,174"},0,0,"00","00",0,0,219]
["21120106002","Tablilla para inmovilizacion de tobillo (m)","Unidad",36.46,0,0,0,0,0,0,75,{"v":2734.5,"d":"2,735"},100,{"v":3646,"d":"3,646"},0,0,25,{"v":911.5,"d":"912"},93,100,"0.3","0.3",161,5870.06,1273]
["21120106003","Tablilla para inmovilizacion de tobillo (s)","Unidad",31.9,125,{"v":3987.5,"d":"3,988"},0,0,0,0,75,{"v":2392.5,"d":"2,393"},0,0,0,0,50,{"v":1595,"d":"1,595"},108,75,"0.5","0.5",166,5295.4,1342]
["20943901003","Termometro digital","Unidad",89.43,0,0,0,0,0,0,0,0,0,0,0,0,0,0,39,20,"0.0","0.0",78,6975.54,772]
["20943901001","Termometro oral","Unidad",200,0,0,0,0,0,0,0,0,0,0,0,0,0,0,78,0,"0.0","0.0",156,31200,175]
["21029704001","Tirillas p/ glucometro caja x 50","Caja",245,{"v":1374,"d":"1,374"},{"v":336630,"d":"336,630"},0,0,0,0,10,{"v":2450,"d":"2,450"},0,0,0,0,{"v":1364,"d":"1,364"},{"v":334180,"d":"334,180"},173,294,"7.9","0.4",0,0,414]
["21547901001","Traje desechable (overol de cuerpo completo) m","Caja",0.01,967,{"v":9.67,"d":"10"},0,0,0,0,0,0,0,0,0,0,967,{"v":9.67,"d":"10"},15,0,"64.5","50.0",0,0,421]
["21045802002","Tubo de drenaje toraxico n° 12 fr","Empaque",1328.57,9,{"v":11957.13,"d":"11,957"},0,0,0,0,0,0,0,0,0,0,9,{"v":11957.13,"d":"11,957"},5,0,"1.8","1.8",1,1328.57,1244]
["21045802003","Tubo de drenaje toraxico n° 14 fr","Empaque",159,0,0,0,0,0,0,0,0,0,0,0,0,0,0,3,0,"0.0","0.0",6,954,1156]
["21045802004","Tubo de drenaje toraxico n° 16 fr","Empaque",0,0,0,0,0,0,0,0,0,0,0,0,0,0,0,4,0,"0.0","0.0",8,0,417]
["21045802005","Tubo de drenaje toraxico n° 20 fr","Empaque",728.5,0,0,0,0,0,0,0,0,0,0,0,0,0,0,2,0,"0.0","0.0",4,2914,618]
["21045802008","Tubo de drenaje toraxico n° 8 fr","Empaque",0,0,0,0,0,0,0,0,0,0,0,0,0,0,0,5,0,"0.0","0.0",10,0,418]
["20245801001","Tubo endotraqueal  descartable n° 7.5 con balon","Empaque",54.5,10,545,0,0,0,0,0,0,0,0,0,0,10,545,0,0,"00","00",0,0,155]
["20245801003","Tubo endotraqueal descartable n° 2.0 sin globo","Empaque",0,0,0,0,0,0,0,0,0,10,0,0,0,10,0,0,0,"00","00",0,0,1360]
["20245801004","Tubo endotraqueal descartable n° 2.5 sin balon","Empaque",21.56,90,{"v":1940.4,"d":"1,940"},0,0,0,0,20,{"v":431.2,"d":"431"},0,0,0,0,70,{"v":1509.2,"d":"1,509"},15,0,"4.7","4.7",0,0,389]
["20245801005","Tubo endotraqueal descartable n° 3.0 sin balon","Empaque",83.33,170,{"v":14166.1,"d":"14,166"},0,0,0,0,0,0,0,0,0,0,170,{"v":14166.1,"d":"14,166"},13,0,"13.1","13.1",0,0,156]
["20245801006","Tubo endotraqueal descartable n° 3.5 sin balon","Empaque",49.5,30,{"v":1485,"d":"1,485"},10,495,0,0,20,990,0,0,0,0,20,990,17,0,"1.2","1.2",14,693,157]
["20245801007","Tubo endotraqueal descartable n° 4.0 sin balon","Empaque",22.64,33,{"v":747.12,"d":"747"},0,0,0,0,20,{"v":452.8,"d":"453"},0,0,0,0,13,{"v":294.32,"d":"294"},15,0,"0.9","0.9",17,384.88,390]
["20245801008","Tubo endotraqueal descartable n° 4.5 con balon","Empaque",46.43,30,{"v":1392.9,"d":"1,393"},20,{"v":928.6,"d":"929"},0,0,0,0,0,0,0,0,50,{"v":2321.5,"d":"2,322"},17,0,"2.9","2.9",0,0,158]
["20245801009","Tubo endotraqueal descartable n° 5 con balon","Empaque",88,0,0,0,0,0,0,0,0,0,0,0,0,0,0,15,0,"0.0","0.0",30,2640,159]
["20245801010","Tubo endotraqueal descartable n° 5.5 con balon","Empaque",52.8,20,{"v":1056,"d":"1,056"},20,{"v":1056,"d":"1,056"},0,0,10,528,0,0,0,0,30,{"v":1584,"d":"1,584"},12,0,"2.5","2.5",0,0,160]
["20245801011","Tubo endotraqueal descartable n° 6.5 con balon","Empaque",49.5,21,{"v":1039.5,"d":"1,040"},20,990,0,0,0,0,0,0,0,0,41,{"v":2029.5,"d":"2,030"},20,0,"2.1","2.1",0,0,791]
["20245801012","Tubo endotraqueal descartable n° 7.0 con balon","Empaque",66.42,20,{"v":1328.4,"d":"1,328"},10,{"v":664.2,"d":"664"},0,0,0,0,0,0,0,0,30,{"v":1992.6,"d":"1,993"},0,0,"00","00",0,0,600]
["20245801013","Tubo endotraqueal descartable n° 8.0 con balon","Empaque",38.82,29,{"v":1125.78,"d":"1,126"},10,{"v":388.2,"d":"388"},0,0,0,0,0,0,0,0,39,{"v":1513.98,"d":"1,514"},0,0,"00","00",0,0,161]
["20245801015","Tubo endotraqueal descartable n° 9.0 con balon","Empaque",13.5,15,{"v":202.5,"d":"203"},0,0,0,0,0,0,0,0,0,0,15,{"v":202.5,"d":"203"},0,0,"00","00",0,0,391]
["20245801017","Tubo endotraqueal descartable nº 6.0 con balon","Empaque",49.5,30,{"v":1485,"d":"1,485"},20,990,0,0,0,0,0,0,0,0,50,{"v":2475,"d":"2,475"},23,0,"2.2","2.2",0,0,162]
["21046702009","Venda de yeso 4\" x 5 yd","Sobre",20.66,36,{"v":743.76,"d":"744"},0,0,0,0,24,{"v":495.84,"d":"496"},0,0,0,0,12,{"v":247.92,"d":"248"},24,0,"0.5","0.5",36,743.76,716]
["21046702013","Venda de yeso 6\" x 5 yd","Sobre",40.44,99,{"v":4003.56,"d":"4,004"},0,0,0,0,0,0,0,0,0,0,99,{"v":4003.56,"d":"4,004"},28,0,"3.5","3.5",0,0,253]
["21046701003","Venda elastica 4\" x 5 yd","Funda",165.29,56,{"v":9256.24,"d":"9,256"},0,0,0,0,48,{"v":7933.92,"d":"7,934"},0,0,0,0,8,{"v":1322.32,"d":"1,322"},34,0,"0.2","0.2",60,9917.4,250]
["21046701005","Venda elastica 6\" x 5 yd","Funda",20.98,0,0,60,{"v":1258.8,"d":"1,259"},0,0,0,0,0,0,0,0,60,{"v":1258.8,"d":"1,259"},28,0,"2.1","2.1",0,0,251]
["21047601001","Zapato de cirugia descartable","Caja",2.33,{"v":1000,"d":"1,000"},{"v":2330,"d":"2,330"},700,{"v":1631,"d":"1,631"},0,0,0,0,0,0,0,0,{"v":1700,"d":"1,700"},{"v":3961,"d":"3,961"},983,0,"1.7","1.7",266,619.78,419]
["OP5","AGUJA EPIDURAL NO. 23 UNIDAD","Unidad",178,50,{"v":8900,"d":"8,900"},0,0,0,0,0,0,0,0,0,0,50,{"v":8900,"d":"8,900"},0,0,"00","00",0,0,472]
["OM111","Agujas Hipodermicas 18g x 1","Unidad",5.1,800,{"v":4080,"d":"4,080"},0,0,0,0,100,510,0,0,0,0,700,{"v":3570,"d":"3,570"},125,0,"5.6","3.6",0,0,1225]
["OM100","Albendazol 400 mg/10ml suspension sobres (Dosis unica)","Unidad",4.56,150,684,0,0,0,0,50,228,0,0,0,0,100,456,35,0,"2.9","2.9",0,0,1139]
["OM80","Albuterol 2.5 mg/3ml para nebulizar inhalacion Ampollas","Unidad",92.87,0,0,0,0,0,0,0,0,0,0,0,0,0,0,83,0,"0.0","0.0",166,15416.42,957]
["OM141","ANFOTERICINA B X1 VIAL","Vial",5800,0,0,0,0,0,0,0,0,0,0,0,0,0,0,14,0,"0.0","0.0",28,162400,1334]
["OM104","BRAZALETES PACIENTE VERDE ADULTOS","Unidad",8.5,700,{"v":5950,"d":"5,950"},0,0,0,0,0,0,0,0,0,0,700,{"v":5950,"d":"5,950"},200,0,"3.5","3.5",0,0,1172]
["OM71","BUDESODIDA 0.75 MG/3ML/ NEBULIZAR-SOL.","Unidad",156.73,12,{"v":1880.76,"d":"1,881"},0,0,0,0,0,0,0,0,0,0,12,{"v":1880.76,"d":"1,881"},282,0,"0.0","0.0",552,86514.96,932]
["OM49","budesonida p/nebulizar 0.25 mg/ml ampolla","Unidad",0,0,0,0,0,0,0,0,0,0,0,0,0,0,0,120,0,"0.0","0.0",240,0,710]
["OM82","budesonide 0.75 mg neb/inhalacion","Unidad",0,0,0,0,0,0,0,0,0,0,0,0,0,0,0,83,0,"0.0","0.0",166,0,966]
["OM124","CITRATO DE CAFEINA, SOLUCION ORAL, PD 20MG/3ML","Frasco",841.49,4,{"v":3365.96,"d":"3,366"},2,{"v":1682.98,"d":"1,683"},0,0,0,0,0,0,0,0,6,{"v":5048.94,"d":"5,049"},2,0,"3.0","3.0",0,0,1295]
["OM126","CLONIDINA, TABLETA, 0.1MG","Tableta",23.56,0,0,0,0,0,0,0,0,0,0,0,0,0,0,60,0,"0.0","0.0",120,2827.2,1297]
["OM117","CLORURO DE SODIO 0.45%, BOLSA X 1000 ML, UNIDAD","Bolsa",0,0,0,0,0,0,0,0,0,0,0,0,0,0,0,66,60,"0.0","0.0",132,0,1248]
["OM118","CLORURO DE SODIO 0.45%, FRASCO X 500 ML, UNIDAD","Frasco",150,0,0,0,0,0,0,0,0,0,0,0,0,0,0,60,0,"0.0","0.0",120,18000,1250]
["OM110","Dexketoprofeno Trometamol 50 mg/2ml Iny","Unidad",0,0,0,0,0,0,0,0,0,0,0,0,0,0,0,5,0,"0.0","0.0",10,0,1224]
["OM144","DICLOFENACO  IV/IM  75MG/3ML","Ampolla",100,0,0,0,0,0,0,0,0,0,0,0,0,0,0,50,0,"0.0","0.0",100,10000,1347]
["OM135","DIPIRONA","Unidad",129.97,0,0,0,0,0,0,0,0,0,0,0,0,0,0,25,0,"0.0","0.0",50,6498.5,1310]
["OP27","DISCO DE SENSIBILIDAD FOSFOMICINA FOS-200 200MCG  V/50 LAB","Unidad",408,3,{"v":1224,"d":"1,224"},0,0,0,0,0,0,0,0,0,0,3,{"v":1224,"d":"1,224"},0,0,"00","00",0,0,505]
["OP25","DISCO DE SENSIBILIDAD GENTAMICINA 10 MCG /50 BD LAB","Unidad",402,3,{"v":1206,"d":"1,206"},0,0,0,0,0,0,0,0,0,0,3,{"v":1206,"d":"1,206"},0,0,"00","00",0,0,498]
["OM99","Enoxaparina 40 mg/0.4 ml Jeringa recargable IV","Unidad",151.8,10,{"v":1518,"d":"1,518"},0,0,0,0,0,0,0,0,0,0,10,{"v":1518,"d":"1,518"},0,0,"00","00",0,0,1137]
["OM60","ENTEROGERMINA","Unidad",138.55,0,0,0,0,0,0,0,0,0,0,0,0,0,0,60,0,"0.0","0.0",120,16626,922]
["OM95","ENTEROGERMINA 2000 millones (2 millardos)/5 mL Suspensión oral","Unidad",0,0,0,0,0,0,0,0,0,0,0,0,0,0,0,45,0,"0.0","0.0",90,0,1027]
["OM38","EYECTOR PLASTICO ENDODONTICO DE SALIVA 1X100 JPS PAQUETES","Empaque",274.41,2,{"v":548.82,"d":"549"},0,0,0,0,0,0,0,0,0,0,2,{"v":548.82,"d":"549"},0,0,"00","00",0,0,514]
["OM106","fentanilo 0.05/ml 0,0785 x1 ml ampolla","Unidad",76.98,0,0,0,0,0,0,0,0,0,0,0,0,0,0,50,0,"0.0","0.0",100,7698,1178]
["OM56","Glutapak- R","Unidad",1353.2,0,0,0,0,0,0,0,0,0,0,0,0,0,0,20,0,"0.0","0.0",40,54128,917]
["OM52","HIDRALAZINA CLORHIDRATO INY. 20 MG/ML","Ampolla",29.27,130,{"v":3805.1,"d":"3,805"},100,{"v":2927,"d":"2,927"},0,0,0,0,0,0,0,0,230,{"v":6732.1,"d":"6,732"},20,0,"11.5","11.5",0,0,822]
["OM67","hidroclorotiazida 25 mg ORAL","Unidad",0.6,200,120,0,0,0,0,0,0,0,0,0,0,200,120,0,0,"00","00",0,0,929]
["OM131","IMIPENEM + CILASTATINA SODICA INY.500MG VIAL","Vial",148.46,328,{"v":48694.88,"d":"48,695"},0,0,0,0,0,0,0,0,0,0,328,{"v":48694.88,"d":"48,695"},0,0,"00","00",0,0,1306]
["OM129","ION-K ELIXIR 240ML","Unidad",4975.05,0,0,0,0,0,0,0,0,0,0,0,0,0,0,10,0,"0.0","0.0",20,99501,1301]
["OM132","ITRACONAZOL 100MG BLISTER UNIDAD","Cápsula",2.08,100,208,0,0,0,0,0,0,0,0,0,0,100,208,0,0,"00","00",0,0,1307]
["OM77","ketorolaco 60mg/2ml inyectable","Unidad",8.07,200,{"v":1614,"d":"1,614"},300,{"v":2421,"d":"2,421"},0,0,0,0,0,0,0,0,500,{"v":4035,"d":"4,035"},100,0,"5.0","5.0",0,0,942]
["OM96","Lactulosa jarabe 66.7 g/100 ml/240 ml.","Unidad",207.78,44,{"v":9142.32,"d":"9,142"},10,{"v":2077.8,"d":"2,078"},0,0,10,{"v":2077.8,"d":"2,078"},0,0,0,0,44,{"v":9142.32,"d":"9,142"},7,0,"6.3","6.3",0,0,1073]
["OM116","Levetiracetam 500 mg amp iny unidad","Unidad",6574,0,0,0,0,0,0,0,0,0,0,0,0,0,0,40,0,"0.0","0.0",80,525920,1238]
["OM86","levofloxacina 500 mg/100 ml infusion frasco vial","Unidad",31.45,199,{"v":6258.55,"d":"6,259"},50,{"v":1572.5,"d":"1,573"},0,0,0,0,0,0,0,0,249,{"v":7831.05,"d":"7,831"},0,0,"00","00",0,0,968]
["OM120","LISOZIMA 250 MG, 30 CAPSULAS","Cápsula",0,0,0,0,0,0,0,0,0,0,0,0,0,0,0,80,0,"0.0","0.0",160,0,1251]
["OP7","LUBRICANTE GEL TUBO 80 G UNIDAD","Tubo",44.09,0,0,0,0,0,0,0,0,0,0,0,0,0,0,19,15,"0.0","0.0",38,1675.42,474]
["OM97","metronidazol benzoato suspension frasco 120 ml","Unidad",39.39,20,{"v":787.8,"d":"788"},20,{"v":787.8,"d":"788"},0,0,20,{"v":787.8,"d":"788"},0,0,0,0,20,{"v":787.8,"d":"788"},20,0,"1.0","1.0",20,787.8,1074]
["OM133","NIFEDIPINA 20MG BLISTER UNIDAD","Cápsula",0.2,0,0,0,0,0,0,0,0,0,0,0,0,0,0,100,0,"0.0","0.0",200,40,1308]
["OP9","NITROGLICERINA 0.4 MG/ HR PANCHE UNIDAD","Unidad",1.25,30,{"v":37.5,"d":"38"},0,0,0,0,0,0,0,0,0,0,30,{"v":37.5,"d":"38"},0,0,"00","00",0,0,476]
["OM92","Nor-Crezinc Jarabe","Unidad",0,0,0,0,0,0,0,0,0,0,0,0,0,0,0,4,0,"0.0","0.0",8,0,1024]
["OM81","Olanzapina 10 mg inyectable intra.","Unidad",4912.5,0,0,0,0,0,0,0,0,0,0,0,0,0,0,28,0,"0.0","0.0",56,275100,958]
["OM121","ONDANSETRON INYRCCION BP 8 MG/4ML, VIAL, UND","Vial",713.82,0,0,0,0,0,0,0,0,0,0,0,0,0,0,30,50,"0.0","0.0",60,42829.2,1252]
["OM113","Papel para esterilizar envolturas de gasas.","Unidad",14880,4,{"v":59520,"d":"59,520"},0,0,0,0,0,0,0,0,0,0,4,{"v":59520,"d":"59,520"},0,0,"00","00",0,0,1233]
["OM123","PENICILINA G. CRISTALINA INY.IM 1,000,000 UI, VIAL","Vial",15.4,0,0,0,0,0,0,0,0,0,0,0,0,0,0,150,0,"0.0","0.0",300,4620,1294]
["OM122","PIPERAZINA JARABE 120 ML, UNIDAD","Unidad",149.08,2,{"v":298.16,"d":"298"},0,0,0,0,2,{"v":298.16,"d":"298"},0,0,0,0,0,0,3,0,"0.0","0.0",6,894.48,1279]
["OM119","PLEUROVAC, UNIDAD","Unidad",0,0,0,0,0,0,0,0,0,0,0,0,0,0,0,5,0,"0.0","0.0",10,0,1249]
["OM59","PREGABALINA 75 MG ORAL","Unidad",1.32,0,0,0,0,0,0,0,0,0,0,0,0,0,0,100,0,"0.0","0.0",200,264,921]
["OM98","Prueba treponemica frascos","Unidad",0,36,0,20,0,0,0,0,0,0,0,0,0,56,0,0,0,"00","00",0,0,1092]
["OM134","ROCURONIO, AMPOLLA, UNIDAD","Ampolla",2043.08,0,0,0,0,0,0,0,0,0,0,0,0,0,0,20,0,"0.0","0.0",40,81723.2,1311]
["OM125","SILDENALFIL 50MG","Unidad",625.6,0,0,0,0,0,0,0,0,0,0,0,0,0,0,20,0,"0.0","0.0",40,25024,1296]
["OM127","SISTEMA DE DRENAJE DE HERIDA JP 200ML","Unidad",700,0,0,0,0,0,0,0,0,0,0,0,0,0,0,10,0,"0.0","0.0",20,14000,1298]
["OM83","Sucralfato 1g polvo granulado sobres","Unidad",16.5,40,660,0,0,0,0,0,0,0,0,0,0,40,660,100,0,"0.4","0.4",160,2640,963]
["OP14","TIRILLA PARA GLUCOMENTRO UNIDAD","Unidad",1550,0,0,0,0,0,0,0,0,0,0,0,0,0,0,133,450,"0.0","0.0",266,412300,487]
["OM44","TIRILLAS DE ORINA (106)","Unidad",1080.92,47,{"v":50803.24,"d":"50,803"},0,0,0,0,0,0,0,0,0,0,47,{"v":50803.24,"d":"50,803"},0,0,"00","00",0,0,564]
["OM137","VALACOCLOVIR 500MG X1","Unidad",323,0,0,0,0,0,0,0,0,0,0,0,0,0,0,30,0,"0.0","0.0",60,19380,1312]
["OM130","VASOPRESINA 20UI INY 10ML","Unidad",3000,0,0,0,0,0,0,0,0,0,0,0,0,0,0,10,0,"0.0","0.0",20,60000,1302]
["OM136","VECURONIO, AMPOLLA, UNIDAD","Ampolla",1595.08,0,0,0,0,0,0,0,0,0,0,0,0,0,0,20,0,"0.0","0.0",40,63803.2,1313]
["OM107","VITAMINAS NEUROTROPICAS+DEXAMETASONA B1 100+B6,B12. INY","Unidad",52.25,0,0,0,0,0,0,0,0,0,0,0,0,0,0,4,0,"0.0","0.0",8,418,1206]
["OI302","acido acetilisalicilico tabl.325 mg","Unidad",1.31,400,524,0,0,0,0,0,0,0,0,0,0,400,524,0,0,"00","00",0,0,771]
["OI159","ACIDO URICO LQ 3X30ML CAJA","Unidad",5596,1,{"v":5596,"d":"5,596"},0,0,0,0,0,0,0,0,1,{"v":5596,"d":"5,596"},0,0,0,0,"0","0",0,0,730]
["OI647","AGAR GC","Unidad",17819.08,2,{"v":35638.16,"d":"35,638"},0,0,0,0,0,0,0,0,2,{"v":35638.16,"d":"35,638"},0,0,0,0,"0","0",0,0,1337]
["OI646","AGAR MONITOR SALADO","Unidad",10377.85,2,{"v":20755.7,"d":"20,756"},0,0,0,0,0,0,0,0,2,{"v":20755.7,"d":"20,756"},0,0,0,0,"0","0",0,0,1336]
["OI161","AGUJA EPIDURAL NO.16 CAJA","Unidad",76.67,120,{"v":9200.4,"d":"9,200"},0,0,0,0,0,0,0,0,0,0,120,{"v":9200.4,"d":"9,200"},0,0,"00","00",0,0,599]
["OI343","ALGODON ROLLO CAJA 1X2000 ADEL-PRODUCT OD","Unidad",391.5,3,{"v":1174.5,"d":"1,175"},0,0,0,0,0,0,0,0,3,{"v":1174.5,"d":"1,175"},0,0,0,0,"0","0",0,0,833]
["OI180","AMILASA LQ-CNPG3 6X30 ML UNIDAD","Caja",20527,1,{"v":20527,"d":"20,527"},0,0,0,0,0,0,0,0,1,{"v":20527,"d":"20,527"},0,0,0,0,"0","0",0,0,624]
["OI426","ANT-D TIPIFICACION LAB","Unidad",583,1,583,0,0,0,0,0,0,0,0,1,583,0,0,0,0,"0","0",0,0,940]
["OI154","ANTI-A TIPIFICACION CAJA (16)","Unidad",530.25,6,{"v":3181.5,"d":"3,182"},0,0,0,0,0,0,0,0,6,{"v":3181.5,"d":"3,182"},0,0,0,0,"0","0",0,0,591]
["OI153","ASO TEST KIT (22)","Unidad",2100,1,{"v":2100,"d":"2,100"},0,0,0,0,0,0,0,0,1,{"v":2100,"d":"2,100"},0,0,0,0,"0","0",0,0,590]
["OI567","BAJANTE DE INFUSION AGILIA VL-ST22","Unidad",0,60,0,0,0,0,0,0,0,0,0,0,0,60,0,35,0,"1.7","1.7",10,0,1127]
["OI571","BAJANTE DE SUERO AGILIA VLST02","Unidad",0,0,0,0,0,0,0,0,0,0,0,0,0,0,0,97,0,"0.0","0.0",194,0,1132]
["OI546","BANDA MATRIX 1/4 7X0.0.5CM.","Unidad",180,1,180,0,0,0,0,0,0,0,0,0,0,1,180,0,0,"00","00",0,0,1111]
["OI297","BASE IT 2G OD CAJA","Unidad",1165,6,{"v":6990,"d":"6,990"},0,0,0,0,0,0,0,0,0,0,6,{"v":6990,"d":"6,990"},0,0,"00","00",0,0,761]
["OI420","BAXTER BAJANTE DE SANGRE 2C7462 SOBRE","Unidad",0,61,0,0,0,0,0,0,0,0,0,0,0,61,0,0,0,"00","00",0,0,913]
["OI422","BAXTER BAJANTE PARA TRANSFUSION 2C8751","Unidad",0,40,0,0,0,0,0,0,0,0,0,0,0,40,0,0,0,"00","00",0,0,914]
["ON79","BOLSA DE CADAVER","Unidad",1,11,11,0,0,0,0,0,0,0,0,0,0,11,11,18,0,"0.6","0.6",25,25,423]
["OI566","BOMBA DE INFUSION VOLUMAT AGILIA VP-MC-CO","Unidad",0,0,0,0,0,0,0,0,0,0,0,0,0,0,0,15,0,"0.0","0.0",30,0,1126]
["OI252","BOTAS BLANCA","Unidad",0.01,56,{"v":0.56,"d":"1"},0,0,0,0,0,0,0,0,0,0,56,{"v":0.56,"d":"1"},0,0,"00","00",0,0,700]
["OI586","BRAZALETE PEDIATRICO VERDE INDENTIFICACION","Unidad",0,600,0,0,0,0,0,0,0,0,0,0,0,600,0,0,0,"00","00",0,0,1177]
["OI264","CALIBRADOR DIRECTO 4X0.5ML LB. CAJA","Unidad",0,0,0,0,0,0,0,0,0,0,0,0,0,0,0,75,0,"0.0","0.0",150,0,726]
["OI95","CANULA DE MAYO 50MM 5CM","Unidad",42.47,0,0,0,0,0,0,0,0,0,0,0,0,0,0,10,0,"0.0","0.0",20,849.4,526]
["OI261","CANULA DE MAYO GUEDEL 100mm ROJA PQ","Unidad",41.12,90,{"v":3700.8,"d":"3,701"},0,0,0,0,0,0,0,0,0,0,90,{"v":3700.8,"d":"3,701"},10,0,"9.0","9.0",0,0,723]
["OI315","CANULA DE MAYO GUEDEL BLANCA NO.1 X 70MM","Unidad",0,0,0,0,0,0,0,10,0,10,0,0,0,0,0,10,0,"0.0","0.0",20,0,798]
["OI262","CANULA DE MAYO GUEDEL No. 90mm AMARILLA PQ","Unidad",45,1,45,0,0,0,0,0,0,0,0,0,0,1,45,10,0,"0.1","0.1",19,855,724]
["OI260","CANULA DE MAYO GUEDEL No.000 mm 3.5cm PQ","Unidad",43.1,25,{"v":1077.5,"d":"1,078"},0,0,0,0,0,0,0,0,0,0,25,{"v":1077.5,"d":"1,078"},10,0,"2.5","2.5",0,0,722]
["OI259","CANULA DE MAYO NO. 00# 50 MM PQ","Unidad",60,0,0,0,0,0,0,0,0,0,0,0,0,0,0,8,0,"0.0","0.0",16,960,721]
["OI610","CANULA DE MAYO No.3","Unidad",60,0,0,0,0,0,0,0,0,0,0,0,0,0,0,8,0,"0.0","0.0",16,960,1212]
["OI608","CANULA DE MAYO No.4","Unidad",60,0,0,0,0,0,0,0,0,0,0,0,0,0,0,16,0,"0.0","0.0",32,1920,1213]
["OI607","CANULA DE MAYO No.5","Unidad",0,0,0,0,0,0,0,0,0,0,0,0,0,0,0,5,0,"0.0","0.0",10,0,1214]
["OI577","CARTUCHO P/MAQ.GASES ARTERIALES UNIDAD","Caja",555.5,100,{"v":55550,"d":"55,550"},0,0,0,0,50,{"v":27775,"d":"27,775"},0,0,0,0,50,{"v":27775,"d":"27,775"},97,0,"0.5","0.5",144,79992,1146]
["OI595","Cateter corto periferico jelco No.18","Unidad",120.5,300,{"v":36150,"d":"36,150"},0,0,0,0,0,0,0,0,0,0,300,{"v":36150,"d":"36,150"},50,0,"6.0","6.0",0,0,1195]
["OI596","Cateter corto periferico jelco No.20","Unidad",50.25,150,{"v":7537.5,"d":"7,538"},0,0,0,0,0,0,0,0,0,0,150,{"v":7537.5,"d":"7,538"},100,0,"1.5","1.5",50,2512.5,1196]
["OI597","Cateter corto periferico jelco No.22","Unidad",99.89,150,{"v":14983.5,"d":"14,984"},0,0,0,0,100,{"v":9989,"d":"9,989"},0,0,0,0,50,{"v":4994.5,"d":"4,995"},108,50,"0.5","0.5",166,16581.74,1197]
["OI598","Cateter corto periferico jelco No.24","Unidad",122.94,50,{"v":6147,"d":"6,147"},0,0,0,0,0,0,0,0,50,{"v":6147,"d":"6,147"},0,0,170,50,"0.0","0.0",340,41799.6,1198]
["OI590","Cateter Jelco No. 24","Unidad",50.18,150,{"v":7527,"d":"7,527"},0,0,0,0,0,0,0,0,0,0,150,{"v":7527,"d":"7,527"},50,0,"3.0","3.0",0,0,1190]
["OI167","CEPILLO HUMEDOS DE CIRUJANOS CAJA","Unidad",18.13,75,{"v":1359.75,"d":"1,360"},0,0,0,0,15,{"v":271.95,"d":"272"},0,0,0,0,60,{"v":1087.8,"d":"1,088"},41,35,"1.5","1.5",22,398.86,605]
["OI165","CIRCUITOS CON BOLSA PARA MAQUINA DE ANESTESIA KIT","Unidad",1558.21,14,{"v":21814.94,"d":"21,815"},0,0,0,0,0,0,0,0,0,0,14,{"v":21814.94,"d":"21,815"},0,0,"00","00",0,0,602]
["ON6","CLEANSER CONCENTRATE","Unidad",2950,1,{"v":2950,"d":"2,950"},0,0,0,0,0,0,0,0,0,0,1,{"v":2950,"d":"2,950"},0,0,"00","00",0,0,273]
["OI138","COLESTEROL -LQ 6X30ML CAJA (31)","Unidad",7295.9,4,{"v":29183.6,"d":"29,184"},0,0,0,0,0,0,0,0,0,0,4,{"v":29183.6,"d":"29,184"},0,0,"00","00",0,0,581]
["OI251","CONECTORES DE ARBOLITOS CAJA","Unidad",250,0,0,0,0,0,0,0,0,0,0,0,0,0,0,45,0,"0.0","0.0",90,22500,770]
["OI363","CONO DE PAPEL #30 META (B5)  OD","Unidad",152.54,10,{"v":1525.4,"d":"1,525"},0,0,0,0,0,0,0,0,0,0,10,{"v":1525.4,"d":"1,525"},0,0,"00","00",0,0,866]
["OI510","CONO PAPEL 45-80 OD","Unidad",252.45,1,{"v":252.45,"d":"252"},0,0,0,0,0,0,0,0,0,0,1,{"v":252.45,"d":"252"},0,0,"00","00",0,0,1060]
["OI437","CONO PAPEL NO.40 META","Unidad",445,2,890,0,0,0,0,0,0,0,0,0,0,2,890,0,0,"00","00",0,0,977]
["OI169","CURITAS FLEXIBLE ALARGADA CAJA","Unidad",23.67,10,{"v":236.7,"d":"237"},0,0,0,0,0,0,0,0,0,0,10,{"v":236.7,"d":"237"},0,0,"00","00",0,0,606]
["OI181","CURITAS REDONDAS LAB UNIDAD","Caja",18.79,50,{"v":939.5,"d":"940"},0,0,0,0,0,0,0,0,0,0,50,{"v":939.5,"d":"940"},0,0,"00","00",0,0,626]
["ON16","DENGUE (MEMBRANA)","Unidad",6900,110,{"v":759000,"d":"759,000"},0,0,0,0,0,0,0,0,0,0,110,{"v":759000,"d":"759,000"},0,0,"00","00",0,0,279]
["OI202","DISCO DE SENSIBILIDAD CEFTRIAXONA CAJA LB","Unidad",410,3,{"v":1230,"d":"1,230"},0,0,0,0,0,0,0,0,0,0,3,{"v":1230,"d":"1,230"},0,0,"00","00",0,0,646]
["OI213","DISCO DE SENSIBILIDAD PIPERACELINA/TAX LB CAJA","Unidad",420,3,{"v":1260,"d":"1,260"},0,0,0,0,0,0,0,0,0,0,3,{"v":1260,"d":"1,260"},0,0,"00","00",0,0,654]
["OI214","DISCO DE SENSIBILIDAD TOBRAMICINA LB CAJA","Unidad",411,3,{"v":1233,"d":"1,233"},0,0,0,0,0,0,0,0,0,0,3,{"v":1233,"d":"1,233"},0,0,"00","00",0,0,655]
["OI579","DISCO SENSIBILIDAD OPTOQUINA LAB","Unidad",450,2,900,0,0,0,0,0,0,0,0,0,0,2,900,0,0,"00","00",0,0,1148]
["OI628","ENEMA FLEET ADULTO, UNIDAD","Frasco",329.85,7,{"v":2308.95,"d":"2,309"},0,0,0,0,0,0,0,0,0,0,7,{"v":2308.95,"d":"2,309"},3,0,"2.3","2.3",0,0,1278]
["OI627","ENEMA FLEET PEDIATRICO, UNIDAD","Frasco",416,0,0,0,0,0,0,0,0,0,0,0,0,0,0,6,0,"0.0","0.0",12,4992,1277]
["OI621","Es-citalopram 20 mg comprimido","Unidad",0,0,0,0,0,0,0,0,0,0,0,0,0,0,0,30,0,"0.0","0.0",60,0,1230]
["OI309","Estetoscopio","Unidad",1019,1,{"v":1019,"d":"1,019"},0,0,0,0,0,0,0,0,0,0,1,{"v":1019,"d":"1,019"},0,0,"00","00",0,0,789]
["OI616","Estoquinete","Unidad",1200,0,0,0,0,0,0,0,0,0,0,0,0,0,0,4,0,"0.0","0.0",8,9600,1222]
["OI537","formaldehido (formal) 40% GALON/FCOS","Unidad",0,0,0,0,0,0,0,0,0,0,0,0,0,0,0,2,0,"0.0","0.0",4,0,1103]
["ON19","FOSFATASA ALCALINA","Unidad",5656,1,{"v":5656,"d":"5,656"},0,0,0,0,0,0,0,0,0,0,1,{"v":5656,"d":"5,656"},0,0,"00","00",0,0,285]
["ON20","FRASCO ESTERIL","Unidad",13.29,346,{"v":4598.34,"d":"4,598"},0,0,0,0,0,0,0,0,0,0,346,{"v":4598.34,"d":"4,598"},0,0,"00","00",0,0,286]
["OI346","FRESA 1014 REDONDA MEDIANA MICRODONT OD","Unidad",28,21,588,0,0,0,0,0,0,0,0,0,0,21,588,0,0,"00","00",0,0,835]
["OI170","FRESA ALTA 3118 PULIDO LLAMA MICRODONT (8) CAJA","Unidad",28,20,560,0,0,0,0,0,0,0,0,0,0,20,560,0,0,"00","00",0,0,612]
["OI269","FRESA CARBURO FG NO 702C PRIMA DENTAL CAJA","Unidad",195,4,780,0,0,0,0,0,0,0,0,0,0,4,780,0,0,"00","00",0,0,732]
["OI492","FRESA DIAMANTADA KGS FG 1034 OD","Unidad",112.27,16,{"v":1796.32,"d":"1,796"},0,0,0,0,0,0,0,0,0,0,16,{"v":1796.32,"d":"1,796"},0,0,"00","00",0,0,1041]
["OI431","FRESA FG 2200FF MICROOODNT","Unidad",59.5,6,357,0,0,0,0,0,0,0,0,0,0,6,357,0,0,"00","00",0,0,971]
["OI399","FRESA QUIRURGICA  RG-702 USA  OD","Unidad",110,10,{"v":1100,"d":"1,100"},0,0,0,0,0,0,0,0,0,0,10,{"v":1100,"d":"1,100"},0,0,"00","00",0,0,840]
["OI400","FRESA QUIRURGICA FG-702 USA  OD","Unidad",156,10,{"v":1560,"d":"1,560"},0,0,0,0,0,0,0,0,0,0,10,{"v":1560,"d":"1,560"},0,0,"00","00",0,0,841]
["OI564","Gasa precortada 4x4 sobres","Unidad",8.5,253,{"v":2150.5,"d":"2,151"},0,0,0,0,0,0,0,0,0,0,253,{"v":2150.5,"d":"2,151"},0,0,"00","00",0,0,1124]
["OI638","GEL LUBRICANTE CARPOL 0.350G+ GLICERINA 0.85ML/100G","Unidad",44.73,270,{"v":12077.1,"d":"12,077"},20,{"v":894.6,"d":"895"},0,0,0,0,0,0,0,0,290,{"v":12971.7,"d":"12,972"},0,0,"00","00",0,0,1305]
["OI88","GLUCOMETROS APARATO UNIDAD","Unidad",0,1,0,0,0,0,0,0,0,0,0,0,0,1,0,2,0,"0.5","0.5",3,0,518]
["OI114","GRABADO ACIDO FOSFORICO 37% AZUL 12G *41*","Unidad",209.74,2,{"v":419.48,"d":"419"},0,0,0,0,0,0,0,0,0,0,2,{"v":419.48,"d":"419"},0,0,"00","00",0,0,544]
["OI463","GUANTE NITRILOS CAJA OD","Unidad",333.27,4,{"v":1333.08,"d":"1,333"},0,0,0,0,0,0,0,0,0,0,4,{"v":1333.08,"d":"1,333"},0,0,"00","00",0,0,1002]
["OI271","GUTTAPERCHA NO.15/40 SPIDENT CAJA","Unidad",351.77,1,{"v":351.77,"d":"352"},0,0,0,0,0,0,0,0,0,0,1,{"v":351.77,"d":"352"},0,0,"00","00",0,0,734]
["ON24","HBSAG (MEMBRANA)","Unidad",3320,5,{"v":16600,"d":"16,600"},0,0,0,0,0,0,0,0,0,0,5,{"v":16600,"d":"16,600"},0,0,"00","00",0,0,290]
["ON25","HCG (MEMBRANA)","Unidad",1600,50,{"v":80000,"d":"80,000"},0,0,0,0,0,0,0,0,0,0,50,{"v":80000,"d":"80,000"},0,0,"00","00",0,0,291]
["ON26","HDL","Kit",32805.59,2,{"v":65611.18,"d":"65,611"},0,0,0,0,0,0,0,0,0,0,2,{"v":65611.18,"d":"65,611"},0,0,"00","00",0,0,292]
["OI620","Hilo de sutura monocryl No. 4","Unidad",129.6,132,{"v":17107.2,"d":"17,107"},0,0,0,0,0,0,0,0,0,0,132,{"v":17107.2,"d":"17,107"},36,0,"3.7","0.8",0,0,1229]
["OI624","Hilo Monocryl no. 3.0 crg","Unidad",129.6,24,{"v":3110.4,"d":"3,110"},0,0,0,0,0,0,0,0,0,0,24,{"v":3110.4,"d":"3,110"},36,24,"0.7","0.0",48,6220.8,1237]
["OI126","HISOPOS TRANCULT ESTERILES (64)","Unidad",2027,900,{"v":1824300,"d":"1,824,300"},0,0,0,0,0,0,0,0,0,0,900,{"v":1824300,"d":"1,824,300"},0,0,"00","00",0,0,558]
["ON30","HIV DETERMINE SET (MEMBRANA)","Unidad",1320,300,{"v":396000,"d":"396,000"},0,0,0,0,0,0,0,0,0,0,300,{"v":396000,"d":"396,000"},0,0,"00","00",0,0,296]
["ON31","HIV UNI GOLD","Unidad",1350,60,{"v":81000,"d":"81,000"},0,0,0,0,0,0,0,0,0,0,60,{"v":81000,"d":"81,000"},0,0,"00","00",0,0,297]
["OI611","HOJA DE BISTURI NO.10 CON MANGO","Unidad",104.14,0,0,0,0,0,0,0,0,0,0,0,0,0,0,23,0,"0.0","0.0",46,4790.44,1215]
["OI612","HOJA DE BISTURI NO.20 CON MANGO","Unidad",0,20,0,0,0,0,0,0,0,0,0,0,0,20,0,20,20,"1.0","1.0",20,0,1216]
["OI617","Isoniazida300 mg/Rifapentina 300 mg Tabletas frascos","Unidad",0,0,0,0,0,0,0,0,0,0,0,0,0,0,0,432,0,"0.0","0.0",864,0,1223]
["OI648","ISOPOS ESTERILES","Empaque",1046.15,2,{"v":2092.3,"d":"2,092"},0,0,0,0,0,0,0,0,0,0,2,{"v":2092.3,"d":"2,092"},0,0,"00","00",0,0,1338]
["OI645","ISOVITALEX","Unidad",17868.31,3,{"v":53604.93,"d":"53,605"},0,0,0,0,0,0,0,0,0,0,3,{"v":53604.93,"d":"53,605"},0,0,"00","00",0,0,1335]
["OI255","JABON NEUTRO GALON UNIDAD","Caja",1810,8,{"v":14480,"d":"14,480"},0,0,0,0,0,0,0,0,0,0,8,{"v":14480,"d":"14,480"},0,0,"00","00",0,0,703]
["OI642","JERINGA DESCARTABLE DE 50ML HIPODERMICA","Unidad",0,50,0,0,0,0,0,0,0,0,0,0,0,50,0,0,0,"00","00",0,0,1327]
["OI641","JERINGA DESCARTABLE DE 50ML X21G. 1 1/2","Unidad",0,275,0,0,0,0,0,0,0,0,0,0,0,275,0,50,0,"5.5","5.5",0,0,1328]
["OI643","JERINGA DESCARTABLE DE INSULINA 1ML CON AGUJA 29GX12.7","Unidad",0,200,0,0,0,0,0,0,0,0,0,0,0,200,0,0,0,"00","00",0,0,1330]
["OI640","JERINGA DESCARTABLE DE INSULINA 1ML CON AGUJA 31 5ML 5/16","Unidad",0,500,0,0,0,0,0,0,0,0,0,0,0,500,0,0,0,"00","00",0,0,1329]
["ON72","JERINGA PARA DEPOVERA","Unidad",0,0,0,0,0,0,0,0,0,0,0,0,0,0,0,40,0,"0.0","0.0",80,0,300]
["OI603","jeringuilla 50 ml x1 sin agujas","Unidad",36.45,30,{"v":1093.5,"d":"1,094"},0,0,0,0,0,0,0,0,0,0,30,{"v":1093.5,"d":"1,094"},0,0,"00","00",0,0,1208]
["OI622","Lamotrigina 50 mg tabletas","Unidad",0,0,0,0,0,0,0,0,0,0,0,0,0,0,0,30,0,"0.0","0.0",60,0,1231]
["OI195","LDH-LQ IFCC. KINETIC-UV 5X25 ML CAJA","Unidad",5171,1,{"v":5171,"d":"5,171"},0,0,0,0,0,0,0,0,0,0,1,{"v":5171,"d":"5,171"},0,0,"00","00",0,0,644]
["OI174","LLAVES DE TRES VIAS","Unidad",25.15,0,0,16,{"v":402.4,"d":"402"},0,0,0,0,0,0,0,0,16,{"v":402.4,"d":"402"},51,0,"0.3","0.3",86,2162.9,617]
["OI644","LUBRICANTE GEL TUBO 60 G UNIDAD","Unidad",0,159,0,0,0,0,0,15,0,0,0,0,0,144,0,20,0,"7.2","6.0",0,0,1331]
["OI320","MASCARILLAS LARINGEAS No.2.5","Unidad",0,0,0,0,0,0,0,0,0,0,0,0,0,0,0,4,0,"0.0","0.0",8,0,801]
["OI305","Mascarillas para anestesia Adulto RCI PAQ","Unidad",0,0,0,0,0,0,0,0,0,0,0,0,0,0,0,20,0,"0.0","0.0",40,0,774]
["OI480","MATERIAL BASE FOTO EN JERINGA SPIDENT OD","Unidad",1113,6,{"v":6678,"d":"6,678"},0,0,0,0,0,0,0,0,0,0,6,{"v":6678,"d":"6,678"},0,0,"00","00",0,0,1029]
["OI444","MODELING RESINA BISCO 1X2","Unidad",1450,1,{"v":1450,"d":"1,450"},0,0,0,0,0,0,0,0,0,0,1,{"v":1450,"d":"1,450"},0,0,"00","00",0,0,984]
["OI428","NEBULIZADOR DE COMPRESOR","Unidad",3211.86,4,{"v":12847.44,"d":"12,847"},0,0,0,0,0,0,0,0,0,0,4,{"v":12847.44,"d":"12,847"},0,0,"00","00",0,0,949]
["OI185","OTOSCOPIO UNDAD","Unidad",52569,1,{"v":52569,"d":"52,569"},0,0,0,0,0,0,0,0,0,0,1,{"v":52569,"d":"52,569"},0,0,"00","00",0,0,631]
["OI535","Pañal para adulto (m)","Unidad",0,0,0,0,0,0,0,0,0,0,0,0,0,0,0,10,0,"0.0","0.0",20,0,1101]
["OI334","PAPEL ARTICULAR BK80 OD","Unidad",336.51,10,{"v":3365.1,"d":"3,365"},0,0,0,0,0,0,0,0,0,0,10,{"v":3365.1,"d":"3,365"},0,0,"00","00",0,0,817]
["OI92","PAPEL DE EKG ROLLO NO.12","Unidad",654,21,{"v":13734,"d":"13,734"},0,0,0,0,0,0,0,0,0,0,21,{"v":13734,"d":"13,734"},0,0,"00","00",0,0,523]
["OI152","PCR TEST KIT (79)","Unidad",2100,4,{"v":8400,"d":"8,400"},0,0,0,0,0,0,0,0,0,0,4,{"v":8400,"d":"8,400"},0,0,"00","00",0,0,589]
["OI568","PIES DE SUERO NIQUELADO DOS GANCHOS","Unidad",0,5,0,0,0,0,0,0,0,0,0,0,0,5,0,0,0,"00","00",0,0,1128]
["OI256","PIPETAS PARA ERITRO UNIDAD","Caja",49.38,550,{"v":27159,"d":"27,159"},0,0,0,0,0,0,0,0,0,0,550,{"v":27159,"d":"27,159"},0,0,"00","00",0,0,704]
["OI207","PLACAS DE PEDRI 2 DIVISIONES LB CAJA","Unidad",7149.93,1,{"v":7149.93,"d":"7,150"},0,0,0,0,0,0,0,0,0,0,1,{"v":7149.93,"d":"7,150"},0,0,"00","00",0,0,658]
["OI327","PLASMA COAGULASA LAB.","Unidad",30890.31,2,{"v":61780.62,"d":"61,781"},0,0,0,0,0,0,0,0,0,0,2,{"v":61780.62,"d":"61,781"},0,0,"00","00",0,0,810]
["ON38","PORTA OBJETO","Paquete",484.28,{"v":1572,"d":"1,572"},{"v":761288.16,"d":"761,288"},0,0,0,0,0,0,0,0,0,0,{"v":1572,"d":"1,572"},{"v":761288.16,"d":"761,288"},0,0,"00","00",0,0,312]
["OI530","QUITA FRESA STANDARD","Unidad",281.2,2,{"v":562.4,"d":"562"},0,0,0,0,0,0,0,0,0,0,2,{"v":562.4,"d":"562"},0,0,"00","00",0,0,1090]
["OI543","RESINA FLOW A3.5","Unidad",395,2,790,0,0,0,0,0,0,0,0,0,0,2,790,0,0,"00","00",0,0,1109]
["OI381","RESINA LUNA A3.5  OD","Unidad",388,1,388,0,0,0,0,0,0,0,0,0,0,1,388,0,0,"00","00",0,0,886]
["OI629","SET 2 ACCESOS, BAJANTE DE INFUSION AGILIA VL-ST22","Unidad",0,60,0,0,0,0,0,0,0,0,0,0,0,60,0,50,0,"1.2","1.2",40,0,1280]
["OI601","SET DE ENTENSION TIPO Y EXTENSION 32..103675","Unidad",0,250,0,0,0,0,0,0,0,0,0,0,0,250,0,0,0,"00","00",0,0,1205]
["OI626","SET DE INFUSION CONTINUO (AGILIA VLST02)","Unidad",0,280,0,0,0,0,0,270,0,0,0,0,0,10,0,255,60,"0.0","0.0",500,0,1275]
["OI599","SET DE INFUSION MICROGOTERO BURETRA AGILIA VLPA92","Unidad",0,260,0,0,0,0,0,0,0,0,0,0,0,260,0,0,0,"00","00",0,0,1203]
["OI625","SET DE TRANSFUSION SANGUINEA, LINEA DE INFUCION AGILIA (VLTR00)","Unidad",0,660,0,0,0,0,0,0,0,0,0,0,0,660,0,40,0,"16.5","15.0",0,0,1276]
["OI600","SET LINEA FOTOSENSIBLES DE INFUSION EPIDURAL AGILIA VL-ON90","Unidad",0,60,0,0,0,0,0,0,0,0,0,0,0,60,0,0,0,"00","00",0,0,1204]
["OI273","SILICOCONA I-SIL LIGT DOBY SPIDENT CAJA OD","Unidad",1781,1,{"v":1781,"d":"1,781"},0,0,0,0,0,0,0,0,0,0,1,{"v":1781,"d":"1,781"},0,0,"00","00",0,0,736]
["OI594","Sonda de alimentación nasogástrica CORFLO ULTRA Lite de 6 Fr. 22 levin ped.","Unidad",1313.95,0,0,0,0,0,0,0,0,0,0,0,0,0,0,10,0,"0.0","0.0",20,26279,1199]
["OI155","SUTURA HILO CROMICO NO.5 CAJA","Unidad",38.24,0,0,0,0,0,0,0,0,0,0,0,0,0,0,48,0,"0.0","0.0",96,3671.04,592]
["OI649","TABLA PARA INMOVILIZAR SMALL","Unidad",31.9,0,0,0,0,0,0,0,0,0,0,0,0,0,0,50,25,"0.0","0.0",100,3190,1339]
["OI157","TABLILLAS PARA CANALIZAR SMOLL CAJA","Unidad",36.36,17,{"v":618.12,"d":"618"},0,0,0,0,0,0,0,0,0,0,17,{"v":618.12,"d":"618"},85,25,"0.2","0.2",153,5563.08,594]
["OI122","TERMOMETRO INFLAROJO","Unidad",780,2,{"v":1560,"d":"1,560"},0,0,0,0,0,0,0,0,0,0,2,{"v":1560,"d":"1,560"},1,0,"2.0","2.0",0,0,553]
["OI481","TIRA LIJA DE METAL DOBLE CARA 6 MM 1X12 OD","Unidad",423.56,2,{"v":847.12,"d":"847"},0,0,0,0,0,0,0,0,0,0,2,{"v":847.12,"d":"847"},0,0,"00","00",0,0,1030]
["OI290","TIRA LIJA METAL 6MM 1X12 MICRODONT OD CAJA","Unidad",290,1,290,0,0,0,0,0,0,0,0,0,0,1,290,0,0,"00","00",0,0,756]
["OI478","TORNIQUETES PLANOS LAB","Unidad",126.5,0,0,0,0,0,0,0,0,0,0,0,0,0,0,2,0,"0.0","0.0",4,506,1018]
["OI482","TUBO DE BONDABLE NO.6 0.22 PAQUETES OD.","Unidad",170,1,170,0,0,0,0,0,0,0,0,0,0,1,170,0,0,"00","00",0,0,1031]
["OI112","TUBO DE DRENAJE TORAXICO NO. 16","Unidad",1328.57,0,0,0,0,0,0,0,0,0,0,0,0,0,0,4,0,"0.0","0.0",8,10628.56,541]
["OI97","TUBO DE DRENAJE TORAXICO NO.28","Unidad",144.16,8,{"v":1153.28,"d":"1,153"},0,0,0,0,0,0,0,0,0,0,8,{"v":1153.28,"d":"1,153"},2,0,"4.0","4.0",0,0,528]
["OI573","TUBO DRENAJE TORAXICO NO.24","Unidad",728.58,0,0,0,0,0,0,0,0,0,0,0,0,0,0,3,0,"0.0","0.0",6,4371.48,1134]
["OI613","TUBO ENDOTRAQUEAL CON BALON 4.","Unidad",83.33,50,{"v":4166.5,"d":"4,167"},0,0,0,0,0,0,0,0,0,0,50,{"v":4166.5,"d":"4,167"},13,20,"3.8","3.8",0,0,1217]
["OI605","TUBO ENDOTRAQUEAL CON BALON3.5","Unidad",87.36,16,{"v":1397.76,"d":"1,398"},0,0,0,0,0,0,0,0,0,0,16,{"v":1397.76,"d":"1,398"},15,20,"1.1","1.1",14,1223.04,1210]
["OI588","Tubo endotraqueal No.3.5 c/ balon","Unidad",88,16,{"v":1408,"d":"1,408"},0,0,0,0,0,0,0,0,0,0,16,{"v":1408,"d":"1,408"},10,0,"1.6","1.6",4,352,1187]
["OI438","TUBO ROTH SIMPLE C/GANP/ CEM NO.16","Unidad",625,0,0,0,0,0,0,0,0,0,0,0,0,0,0,1,0,"0.0","0.0",2,1250,978]
["ON54","TUBO TAPA ROJA","Paquete",724.97,5,{"v":3624.85,"d":"3,625"},0,0,0,0,0,0,0,0,0,0,5,{"v":3624.85,"d":"3,625"},0,0,"00","00",0,0,331]
["OI293","ULTRASONIDO UDS-A LED WOODPECKER OD CAJA","Unidad",12800,1,{"v":12800,"d":"12,800"},0,0,0,0,0,0,0,0,0,0,1,{"v":12800,"d":"12,800"},0,0,"00","00",0,0,757]
["ON55","UREA","Unidad",0,234,0,0,0,0,0,0,0,0,0,0,0,234,0,0,0,"00","00",0,0,332]
["OI240","VENDA ELASTICA 2X5 COBAN 2 PULGADA 1/100 CAJA","Unidad",81.02,20,{"v":1620.4,"d":"1,620"},0,0,0,0,0,0,0,0,0,0,20,{"v":1620.4,"d":"1,620"},52,0,"0.4","0.4",84,6805.68,682]
["OI242","VENDA KERLIX 4.5X4.1 .1/12 CAJA","Unidad",145,11,{"v":1595,"d":"1,595"},0,0,0,0,0,0,0,0,0,0,11,{"v":1595,"d":"1,595"},0,0,"00","00",0,0,684]
["OI436","VIOPEX 2.2G HIDROXIDO CALCIO CON YODOFORMO","Unidad",1650,2,{"v":3300,"d":"3,300"},0,0,0,0,0,0,0,0,0,0,2,{"v":3300,"d":"3,300"},0,0,"00","00",0,0,976]
["OI520","XILOL PAPANICOLAOU SOLUCION GALON.","Unidad",3200,1,{"v":3200,"d":"3,200"},0,0,0,0,0,0,0,0,0,0,1,{"v":3200,"d":"3,200"},0,0,"00","00",0,0,1070]
[]
["Observaciones:",{"$nulls":15},"Firma:"]
[]
[]
[]
["Responsable:","JOSE MIGUEL MESA ROMERO",null,null,"Fecha:",null,"6 de enero del 2026"]